{"text_format":"1","workbook":"xlsx","n_sheets":6,"sheets":["Estimate Form","Materials Worksheet","Materials Assemblies","Construction Labor","Eng Labor","Inventory Cost 2021"],"not_rendered":{"charts":0,"images":0,"macros":1,"external_links":2,"defined_names":6,"comments":0,"pivot_tables":0},"unopened":[],"bounds":{"document_bytes":16777216,"sheet_cells":100000,"rows_first":2000,"rows_last":500,"rows_between":2000,"halvings":0,"cell_chars":16384,"cell_head_chars":4096},"cells_cut":0,"cells_raw":0,"read":"whole","date_system":"1900"}

{"sheet":"Estimate Form","index":0,"n_rows":78,"n_cols":13,"rows_kept":78,"cut":false,"hidden":false,"merged":[[0,1,0,4],[24,3,24,4],[25,3,25,4],[10,1,10,6],[11,1,11,6],[23,3,23,4],[12,1,12,6],[13,1,13,6],[9,9,10,9],[61,3,61,4],[62,3,62,5],[63,3,63,4],[37,3,37,5],[38,3,38,4]]}
[]
[]
[]
[null,null,null,null,null,null,null,null,null,"Fill this out first:"]
[]
[null,null,null,null,null,null,null,null,null,"SYSTEM NAME","Southwood Water System"]
[null,null,null,null,null,null,null,null,null,"PROJECT DISCRIPTION","82nd Ave Apartments Distribution Extension"]
[null,"                                           ",null,null,null,null,null,null,null,"COUNTY","Pierce"]
[null,null,null,null,null,null,null,null,null,"ENG. FILE #",3939]
[null,null,null,null,null,null,null,null,null,"PROJECT TYPE",false]
[null,{"$f":"$K$6","v":"Southwood Water System"},null,null,null,null,null,null,null,null,true]
[null,{"$f":"$K$7","v":"82nd Ave Apartments Distribution Extension"},null,null,null,null,null,null,null,"TCJA RATE",0.21]
[null,{"$f":"TODAY()","v":"2022-05-25"},null,null,null,null,null,null,null,"WWS OH RATE",0.38]
[null,"(Projected Cost Good for 30-Days)",null,null,null,null,null,null,null,"STATE B/O",1.7500000000000002E-2]
[null,null,null,null,null,"Engineering File #",{"$f":"K9","v":3939}]
[null,null,null,"*** Construction Materials ***"]
[null,"Unit of Property","Description","Quantity","Unit of Measure","Unit Cost","Total"]
[null,103240,"Construction Materials, Pipe, Valves, Fittings, Etc",1,"LS",{"$f":"IF(AND($K$11,NOT($K$10)),'Materials Worksheet'!G47*(1+$K$13),'Materials Worksheet'!G47)","v":4407.4321319999999},{"$f":"F18*D18","v":4407.4321319999999},null,null,"Edit Unit of Property as Needed in All Categories"]
[null,103450,"Construction Materials for Services",1,"LS",{"$f":"IF(AND($K$11,NOT($K$10)),'Materials Worksheet'!G59*(1+$K$13),'Materials Worksheet'!G59)","v":0},0]
[null,103480,"Construction Materials for Hydrants",1,"LS",{"$f":"IF(AND($K$11,NOT($K$10)),'Materials Worksheet'!G60*(1+$K$13),'Materials Worksheet'!G73)","v":0},0,null,null,"NOTE:"]
[null,null,null,null,null,null,0,null,null,"The 21% Federal Income Tax per the \"Tax Cuts & Jobs Act\" of 2017 applies to CICA projects ONLY."]
[null,null,null,null,null,null,{"$f":"D22*F22","v":0},null,null,"State B&O Tax tax applies to CICA projects only."]
[null,null,null,"Sub-Total",null,null,{"$f":"SUM(G18:G22)","v":4407.4321319999999}]
[null,null,null,"Contingency",null,0.1,{"$f":"G23*F24","v":440.74321320000001}]
[null,null,null,"Sales Tax",null,0.09,{"$f":"(G23+G24)*F25","v":436.33578106800002},null,null,"INVENTORY COST SHEET LINK"]
[null,null,null,"SUB Total - Materials",null,null,{"$f":"G23+G24+G25","v":5284.5111262680002}]
[null,null,null,"Rounded Up Value",null,null,{"$f":"ROUNDUP(G26,-2)","v":5300},null,null,null,"Use this button for nearside 1\" service installation"]
[]
[null,null,null,"*** Construction Labor ***"]
[null,"Unit of Property","Description","Quantity","Unit of Measure","Unit Cost","Total"]
[null,103240,"Construction Labor - Watermain",1,"LS",{"$f":"IF(AND($K$11,NOT($K$10)),'Construction Labor'!G21*(1+$K$13),'Construction Labor'!G21)","v":4140},{"$f":"F31*D31","v":4140}]
[null,103450,"Construction Labor - Services",1,"LS",{"$f":"IF(AND($K$11,NOT($K$10)),'Construction Labor'!P21*(1+$K$13),'Construction Labor'!P21)","v":413.99999999999994},{"$f":"F32*D32","v":413.99999999999994},null,null,"Non-Residential Connection Calculation"]
[null,103480,"Construction Labor - Hydrants",1,"LS",{"$f":"IF(AND($K$11,NOT($K$10)),'Construction Labor'!Y21*(1+$K$13),'Construction Labor'!Y21)","v":827.99999999999989},827.99999999999989,null,null,"# of Sites/units:"]
[null,null,null,null,null,null,0,null,null,"# auxiliary buildings:"]
[null,null,"WWSC Engineering",1,"LS",{"$f":"IF(AND($K$11,NOT($K$10)),'Eng Labor'!H42*(1+$K$13),'Eng Labor'!H42)","v":2504.6999999999998},2504.6999999999998,null,null,"Daily Demand for aux. bldg:",null,"gpd","from developer's engineering firm"]
[null,null,null,null,null,null,0,null,null,"Daily Demand per site: ",null,"gpd","from developer's engineering firm"]
[null,null,null,null,null,null,0,null,null,"Total Daily Demand:",null,"gpd"]
[null,null,null,null,null,null,{"$f":"SUM(G31:G37)","v":7886.7},null,null,"MDD:",null,"gpd"]
[null,null,null,"Contingency",null,0.1,{"$f":"G38*F39","v":788.67000000000007},null,null,"# of ERUs:",null,"ERUs"]
[null,null,null,"Sub-Total - Construction Labor",null,null,{"$f":"G38+G39","v":8675.369999999999}]
[null,null,null,"Rounded Up Value",null,null,{"$f":"ROUNDUP(G40,-2)","v":8700},null,null,"Peak Flow"]
[null,null,null,null,null,null,null,null,null,"Fixtures per site (RV):","qty/site","factor","Total"]
[null,null,null,"*** Outside Contractor ***",null,null,null,null,null,"shower",null,2,{"$f":"L43*K43","v":0}]
[null,"Unit of Property","Description","Quantity","Unit of Measure","Unit Cost","Total",null,null,"toilet",null,2.5,{"$f":"L44*K44","v":0}]
[null,null,"County Permits (Encroachment)",1,"LS",{"$f":"300*(1+K13)","v":413.99999999999994},{"$f":"F45*D45","v":413.99999999999994},null,null,"sink (bath)",null,1,0]
[null,null,"DOH Review Fees",1,"LS",null,{"$f":"F46*D46","v":0},null,null,"sink (kitchen)",null,1.5,0]
[null,null,"Tapping Services",1,"LS",{"$f":"2500*(1+K13)","v":3449.9999999999995},3449.9999999999995,null,null,null,null,"total",{"$f":"SUM(M43:M46)","v":0}]
[null,null,"Geotechnical Engineer",1,"LS",null,0,null,null,null,null,"x sites",{"$f":"M47*K33","v":0}]
[null,null,"Engineering Consultant",1,"LS",null,0,null,null,"aux bldg laundry",null,5,{"$f":"K49*L49","v":0}]
[null,null,"Land Surveyor",1,"LS",null,{"$f":"F50*D50","v":0},null,null,"aux bldg restroom",null,5,{"$f":"K50*L50","v":0}]
[null,null,"Land Cost",1,"LS",null,0,null,null,null,null,null,{"$f":" SUM(M48:M50)","v":0}]
[null,null,"Additional Insurance",1,"LS",null,0]
[null,null,"Bonding",1,"LS",null,0,null,null,null,"From 2021 UPC Chart A 103.1(2) ",null,"gpm"]
[null,null,"Sanitary Facility Rental (Portable Toilet)",1,"LS",{"$f":"IF(AND($K$11,NOT($K$10)),'Construction Labor'!D35*(1+$K$13),'Construction Labor'!D35)","v":0},0]
[null,null,"Paving Contractor - Pavement Restoration",1,"LS",null,0,null,null,"Use XXXXXXX ###### meter"]
[null,null,"Traffic Control Contractor - Flaggers",1,"LS",{"$f":"IF(AND($K$11,NOT($K$10)),'Construction Labor'!E30*(1+$K$13),'Construction Labor'!E30)","v":0},0]
[null,null,null,null,null,null,0]
[null,null,null,null,null,null,0]
[null,null,null,null,null,null,0]
[null,null,null,null,null,null,0]
[null,null,null,"SUB TOTAL",null,null,{"$f":"SUM(G45:G60)","v":3863.9999999999995}]
[null,null,null,"Contingency",null,0.1,{"$f":"G61*F62","v":386.4},null,null,"50% of total project cost",{"$f":"G73/2","v":14198.641375334169}]
[null,null,null,"Sub-Total - Outside Contractor",null,null,{"$f":"SUM(G61:G62)","v":4250.3999999999996},null,null,"total cost of watermains",{"$f":"G18*(1+F24)*(1+F25) + (G31+G35)*(1+F39) +( G54+G55+G56+G45+G50)*(1+F62)","v":13049.081126268}]
[null,null,null,"Rounded Up Value",null,null,{"$f":"ROUNDUP(G63,-2)","v":4300}]
[null,null,null,null,null,null,null,null,null,"enter footage below"]
[null,null,null,"Project Subtotal =",null,null,{"$f":"ROUNDUP(G27+G41+G64,-2)","v":18300},null,null,null,"LF",{"$f":"IFERROR(K63/J66,0)","v":0},"$/LF  Pre Tax"]
[null,null,null,"East Pierce Facilities Charge = ",null,null,7745]
[null,null,null,{"$f":"IF(OR(K10,K11),IF(AND(K11,NOT(K10)),\"Federal Tax per the TCJA=\",IF(AND(K10,NOT(K11)),\"Construction OH=\",IF(AND(K11,K10),\"SELECT ONLY ONE PROJECT TYPE\"))))","v":"Federal Tax per the TCJA="},null,null,{"$f":"IF(OR(K10,K11),IF(AND(K11,NOT(K10)),SUM(G19,G32)*(1/(1-K12)-1),IF(AND(K10,NOT(K11)),(SUM(G66:G67)*K13),IF(AND(K11,K10),\"WARNING\"))))","v":110.05063291139233}]
[null,null,null,"State B&O Tax =",null,null,{"$f":"IF(OR(K10,K11),IF(AND(K11,NOT(K10)),SUM(G66:G68)*(1/(1-K14)-1),IF(AND(K10,NOT(K11)),0,IF(AND(K11,K10),\"WARNING\"))))","v":465.86604180758184}]
[null,null,"Anticipated Developer (onsite) Cost of Taxable Services"]
[null,null,{"$f":"'Materials Worksheet'!O59","v":6682.52},"Anticipated TCJA Tax = ",null,null,{"$f":"C71*(1/(1-K12) - 1)","v":1776.3660759493662}]
[]
[null,null,null,"Projected Funds Required =",null,null,{"$f":"SUM(G66:G71)","v":28397.282750668339}]
[]
[null,null,"Assumptions:"]
[null,null,"1) This document is intended to forecast approximate construction costs based upon current information and similar projects,  and is not"]
[null,null,"    intended to accurately represent actual design or construction components or prices."]
[null,null,"2) Totals are rounded to nearest $100"]

{"sheet":"Materials Worksheet","index":1,"n_rows":75,"n_cols":15,"rows_kept":75,"cut":false,"hidden":false,"merged":[]}
[null,null,{"$f":"'Estimate Form'!$K$6","v":"Southwood Water System"}]
[null,null,{"$f":"CONCATENATE('Estimate Form'!$K$8, \" County\")","v":"Pierce County"},null,null,"Eng. File #",{"$f":"'Estimate Form'!$K$9","v":3939}]
[null,null,{"$f":"'Estimate Form'!K7","v":"82nd Ave Apartments Distribution Extension"}]
[null,null,"Engineer's Opinion of Projected Construction Materials Costs"]
[null,null,{"$f":"TODAY()","v":"2022-05-25"}]
[]
[]
[null,"OFFSITE - PROVIDED BY WWS",null,null,null,null,null,null,null,"ONSITE ASSETS BY OTHERS"]
["Unit of Property","Inventory Number","Task - WATERMAIN","Quantity","Units","Unit Cost","Total",null,"Unit of Property","Inventory Number","Task - WATERMAIN","Quantity","Units","Unit Cost","Total"]
[]
[]
[]
[]
[null,null,"16\" x 8\" Tappling Sleeve",1,"EA",2000,{"$f":"D14*F14","v":2000},null,null,null,null,null,null,0,{"$f":"L14*N14","v":0}]
[null,null,"8\" FLG GATE VALVE AWWA",1,"EA",781,781,null,null,null,null,null,null,null,0]
[null,null,"AWWA Gate Valve assembly",1,"LS",{"$f":"'[1]Materials Assemblies'!P29","v":62.791399999999996},62.791399999999996,null,null,null,null,null,null,null,0]
[null,null,"locate wire, blocking, bedding, misc",1,"LS",350,350,null,null,null,null,null,null,null,0]
[null,null,null,null,null,null,0,null,null,null,null,null,null,null,0]
[null,null,null,null,null,null,0,null,null,null,null,null,null,null,0]
[null,null,null,null,null,null,0,null,null,null,null,null,null,null,0]
[null,null,null,null,null,null,0,null,null,null,null,null,null,null,0]
[null,null,null,null,null,null,0,null,null,null,null,null,null,null,0]
[null,null,null,null,null,null,0,null,null,null,null,null,null,null,0]
[null,null,null,null,null,null,0,null,null,null,null,null,null,null,0]
[null,null,null,null,null,null,0,null,null,null,null,null,null,null,0]
[null,null,null,null,null,null,0,null,null,null,null,null,null,null,0]
[null,null,null,null,null,null,0,null,null,null,null,null,null,null,0]
[null,null,null,null,null,null,0,null,null,null,null,null,null,null,0]
[null,null,null,null,null,null,0,null,null,null,null,null,null,null,0]
[null,null,null,null,null,null,0,null,null,null,null,null,null,null,0]
[null,null,null,null,null,null,0,null,null,null,null,null,null,null,0]
[null,null,null,null,null,null,0,null,null,null,null,null,null,null,0]
[null,null,null,null,null,null,0,null,null,null,null,null,null,null,0]
[null,null,null,null,null,null,0,null,null,null,null,null,null,null,0]
[null,null,null,null,null,null,0,null,null,null,null,null,null,null,0]
[null,null,null,null,null,null,0,null,null,null,null,null,null,null,0]
[null,null,null,null,null,null,0,null,null,null,null,null,null,null,0]
[null,null,null,null,null,null,0,null,null,null,null,null,null,null,0]
[null,null,null,null,null,null,0,null,null,null,null,null,null,null,0]
[null,null,null,null,null,null,0,null,null,null,null,null,null,null,0]
[null,null,null,null,null,null,{"$f":"D41*F41","v":0},null,null,null,null,null,null,null,0]
[null,null,null,null,null,null,0,null,null,null,null,null,null,null,0]
[null,null,null,null,null,null,0,null,null,null,null,null,null,null,0]
[null,null,null,null,null,null,0,null,null,null,null,null,null,null,0]
[null,null,null,null,null,null,0,null,null,null,null,null,null,null,0]
[]
[null,null,null,null,null,"Sub-Total",{"$f":"SUM(G14:G45)","v":3193.7914000000001},null,null,null,null,null,null,"Sub-Total",{"$f":"SUM(O14:O45)","v":0}]
[]
[]
["Unit of Property","Inventory Number","Task - SERVICES","Quantity","Units","Unit Cost","Total",null,"Unit of Property","Inventory Number","Task - SERVICES  (CIAC TAX APPLICABLE)","Quantity","Units","Unit Cost","Total"]
[]
[]
[103450,null,{"$f":"'Materials Assemblies'!C31","v":"5/8 x 3/4 Meter Single Service Assembly w/ 1\" Service Line"},0,"EA",{"$f":"'Materials Assemblies'!G45","v":489.26499999999999},{"$f":"D53*F53","v":0},null,103450,null,{"$f":"'[1]Materials Assemblies'!K73","v":"1½\" Meter Single Service Assembly"},1,"EA",{"$f":"'[1]Materials Assemblies'!P85","v":2041.5350000000001},{"$f":"L53*N53","v":2041.5350000000001}]
[null,null,null,null,null,null,0,null,null,"irrigation",{"$f":"'[1]Materials Assemblies'!C73","v":"1\" Meter Single Service Assembly"},1,"EA",{"$f":"'[1]Materials Assemblies'!G85","v":1040.9849999999999},1040.9849999999999]
[null,null,null,null,null,null,0,null,null,null,null,null,null,null,0]
[null,null,null,null,null,null,0,null,null,null,"Construction Labor (4 person crew @ $75/hr/person)",8,"hr",{"$f":"75*4","v":300},2400]
[null,null,null,null,null,null,0,null,null,null,"Engineering/Design/Admin",1,"LS",1200,1200]
[]
[null,null,null,null,null,"Sub-Total",{"$f":"SUM(G53:G57)","v":0},null,null,null,null,null,null,"Sub-Total",{"$f":"SUM(O53:O57)","v":6682.52}]
[]
[]
[]
[]
["Unit of Property","Inventory Number","Task - HYDRANTS","Quantity","Units","Unit Cost","Total",null,"Unit of Property","Inventory Number","Task - HYDRANTS","Quantity","Units","Unit Cost","Total"]
[]
[]
[103480,null,"Fire Hydrant",0,"EA",{"$f":"'Materials Assemblies'!G28","v":3462.9323999999997},{"$f":"D67*F67","v":0},null,103480,null,"Fire Hydrant",0,"EA",{"$f":"'Materials Assemblies'!G28","v":3462.9323999999997},{"$f":"L67*N67","v":0}]
[null,null,null,null,null,null,{"$f":"D68*F68","v":0},null,null,null,null,null,null,null,{"$f":"L68*N68","v":0}]
[null,null,null,null,null,null,{"$f":"D69*F69","v":0},null,null,null,null,null,null,null,{"$f":"L69*N69","v":0}]
[null,null,null,null,null,null,{"$f":"D70*F70","v":0},null,null,null,null,null,null,null,{"$f":"L70*N70","v":0}]
[null,null,null,null,null,null,{"$f":"D71*F71","v":0},null,null,null,null,null,null,null,{"$f":"L71*N71","v":0}]
[]
[null,null,null,null,null,"Sub-Total",{"$f":"SUM(G67:G71)","v":0},null,null,null,null,null,null,"Sub-Total",{"$f":"SUM(O67:O71)","v":0}]
[]
[null,null,null,null,null,null,null,null,null,null,null,null,null,"TOTAL",{"$f":"SUM(O73,O59,O47)","v":6682.52}]

{"sheet":"Materials Assemblies","index":2,"n_rows":146,"n_cols":23,"rows_kept":146,"cut":false,"hidden":false,"merged":[[135,3,135,5]]}
[null,null,{"$f":"'Estimate Form'!$K$6","v":"Southwood Water System"}]
[null,null,{"$f":"CONCATENATE('Estimate Form'!$K$8, \" County\")","v":"Pierce County"},null,null,"Eng. File #",{"$f":"'Estimate Form'!$K$9","v":3939}]
[null,null,{"$f":"'Estimate Form'!K7","v":"82nd Ave Apartments Distribution Extension"}]
[null,null,"Engineer's Opinion of Projected Construction Materials Costs"]
[null,null,{"$f":"TODAY()","v":"2022-05-25"}]
[]
[]
[]
[]
[null,null,"Assembly Items Listed Below"]
[]
[]
[null,null,"Hydrant Assembly"]
[null,"60600033","6\" Dry-Barrel Hydrant",1,"EA",{"$f":"'Inventory Cost 2021'!B1596","v":2099.87},{"$f":"D14*F14","v":2099.87},null,null,null,null,"Temporary Testing Service"]
[null,"60500031","5\" Storz Adaptor",1,"EA",{"$f":"'Inventory Cost 2021'!B1598","v":145},145,null,null,null,"30800181","8 x 1 TAPPING SADDLE",1,"EA",{"$f":"'Inventory Cost 2021'!B728","v":51.57},{"$f":"M15*O15","v":51.57}]
[null,"60600081","18\" Valve Box Riser /w Lid",1,"EA",{"$f":"'Inventory Cost 2021'!B1621","v":35.75},35.75,null,null,null,"40100255","1\" CORP STOP VALVE-NO LEAD",1,"EA",{"$f":"'Inventory Cost 2021'!B860","v":45.42},45.42]
[null,"60600082","CI Valve Box Bottom Section",1,"EA",{"$f":"'Inventory Cost 2021'!B1618","v":23},23,null,null,null,"60100012","1\" CL 200 POLY PIPE",12,"LF",{"$f":"'Inventory Cost 2021'!B1602","v":2.09},25.08]
[null,"30600194","6\"x6\" Tee, MJxFLG",1,"EA",{"$f":"'Inventory Cost 2021'!B788","v":114.89},114.89,null,null,null,"40100220","1\" ANGLE STOP VALVE-NO LEAD",1,"EA",{"$f":"'Inventory Cost 2021'!B933","v":49.57},49.57]
[null,"30600141","6\" Ductile Iron Pipe Cl 50",12,"LF",{"$f":"'Inventory Cost 2021'!B676","v":17.1144},205.37279999999998,null,null,null,"100034060","RES METER BOX w/lid, STANDARD",1,"EA",{"$f":"'Inventory Cost 2021'!B1988","v":27.93},27.93]
[null,"30600028","6\" MEGALUG PK/KIT (DI)",2,"EA",{"$f":"'Inventory Cost 2021'!B624","v":43.53},87.06,null,null,null,null,null,null,null,null,0]
[null,"30800029","8\" MEGALUG PK/KIT (PVC)",2,"EA",{"$f":"'Inventory Cost 2021'!B631","v":69},138]
[null,"30600030","6\" FLG BOLT & GSKT KIT",2,"EA",{"$f":"'Inventory Cost 2021'!B585","v":11.82},23.64,null,null,null,null,null,null,null,"Sub-Total",{"$f":"SUM(P15:P20)","v":199.57000000000002}]
[null,"40600285","6\" MJ x FLG GATE VALVE",1,"EA",{"$f":"'Inventory Cost 2021'!B895","v":577.94000000000005},577.94000000000005]
[null,null,"GRAVEL 1 1/4 minus",0.5,"CY",{"$f":"'Inventory Cost 2021'!B2046","v":11.132},5.5659999999999998,null,null,null,null,"AWWA Gate Valve Assembly"]
[null,"125004816","Support Blocks",6,"EA",{"$f":"'Inventory Cost 2021'!B2034","v":1.1406000000000001},6.8436000000000003,null,null,null,"60600081","18\" Valve Box Riser /w Lid",1,"EA",{"$f":"'Inventory Cost 2021'!B1621","v":35.75},{"$f":"O25*M25","v":35.75}]
[null,null,null,null,null,null,0,null,null,null,"60600082","CI Valve Box Bottom Section",1,"EA",{"$f":"'Inventory Cost 2021'!B1618","v":23},{"$f":"O26*M26","v":23}]
[null,null,null,null,null,null,null,null,null,null,"51400155","LOCATOR WIRE, # 14",6,"LF",{"$f":"'Inventory Cost 2021'!B1560","v":7.6499999999999999E-2},0.45899999999999996]
[null,null,null,null,null,"Sub-Total",{"$f":"SUM(G14:G26)","v":3462.9323999999997},null,null,null,"125004816","Support Blocks",4,"EA",{"$f":"'Inventory Cost 2021'!B2034","v":1.1406000000000001},4.5624000000000002]
[null,null,null,null,null,null,null,null,null,null,null,null,null,null,"Sub-Total",{"$f":"SUM(P25:P28)","v":63.7714}]
[]
[null,null,"5/8 x 3/4 Meter Single Service Assembly w/ 1\" Service Line",null,null,null,null,null,null,null,"5/8 x 3/4 Meter Double Service Assembly w/ 1\" Service Line"]
[null,"30800181","8 x 1 TAPPING SADDLE",1,"EA",{"$f":"'Inventory Cost 2021'!B728","v":51.57},{"$f":"D32*F32","v":51.57},null,null,null,"30800181","8 x 1 TAPPING SADDLE",1,"EA",{"$f":"'Inventory Cost 2021'!B728","v":51.57},{"$f":"M32*O32","v":51.57}]
[null,"40100255","1\" CORP STOP VALVE-NO LEAD",1,"EA",{"$f":"'Inventory Cost 2021'!B860","v":45.42},45.42,null,null,null,"40100255","1\" CORP STOP VALVE-NO LEAD",1,"EA",{"$f":"'Inventory Cost 2021'!B860","v":45.42},45.42]
[null,"60100012","1\" CL 200 POLY PIPE",30,"LF",{"$f":"'Inventory Cost 2021'!B1602","v":2.09},62.699999999999996,null,null,null,"60100012","1\" CL 200 POLY PIPE",30,"LF",{"$f":"'Inventory Cost 2021'!B1602","v":2.09},62.699999999999996]
[null,"51400155","LOCATOR WIRE, # 14",30,"LF",{"$f":"'Inventory Cost 2021'!B1560","v":7.6499999999999999E-2},2.2949999999999999,null,null,null,"51400155","LOCATOR WIRE, # 14",30,"LF",{"$f":"'Inventory Cost 2021'!B1560","v":7.6499999999999999E-2},2.2949999999999999]
[null,null,"Meter Setter - Ford VH72-12W-11-44-NL",1,"EA",{"$f":"'Inventory Cost 2021'!B2019","v":238.16},238.16,null,null,null,null,"Meter Setter - Ford VH72-12W-11-44-NL",2,"EA",{"$f":"'Inventory Cost 2021'!B2019","v":238.16},476.32]
[null,"60100021","1\" PJ x  MIPT POLY ADAPTOR-NO LEAD",1,"EA",{"$f":"'Inventory Cost 2021'!B1567","v":31.02},31.02,null,null,null,null,"1\" x 18\" BRASS NIPPLE",4,"EA",60,240]
[null,null,"1\" x 18\" BRASS NIPPLE",1,"EA",{"$f":"'Inventory Cost 2021'!B1816","v":24.17},24.17,null,null,null,"100034060","RES METER BOX w/lid, STANDARD",2,"EA",{"$f":"'Inventory Cost 2021'!B1988","v":27.93},55.86]
[null,"100034060","RES METER BOX w/lid, STANDARD",1,"EA",{"$f":"'Inventory Cost 2021'!B1988","v":27.93},27.93,null,null,null,null,"2x4 Marker",2,"EA",6,12]
[null,null,"2x4 Marker",1,"EA",6,6,null,null,null,"60100021","1\" PJ x  MIPT POLY ADAPTOR-NO",1,"EA",{"$f":"'Inventory Cost 2021'!B1567","v":31.02},31.02]
[null,null,"Concrete Valve Box Marker",{"$f":"'Inventory Cost 2021'!B1624","v":23.68},null,null,{"$f":"D41*F41","v":0},null,null,null,"80100190","1\" BRASS TEE",1,"EA",{"$f":"'Inventory Cost 2021'!B1838","v":8.6999999999999993},8.6999999999999993]
[null,null,null,null,null,null,0,null,null,null,"80100090","1\" 90 BRASS ELBOW",3,"EA",{"$f":"[2]Extract!$O$1768","v":6.08},18.240000000000002]
[null,null,null,null,null,null,0]
[null,null,null,null,null,null,null,null,null,null,null,null,null,null,null,0]
[null,null,null,null,null,"Sub-Total",{"$f":"SUM(G32:G43)","v":489.26499999999999}]
[]
[null,null,null,null,null,null,null,null,null,null,null,null,null,null,"Sub-Total",{"$f":"SUM(P32:P44)","v":1004.125}]
[]
[]
[]
[]
[null,null,"5/8 x 3/4 Meter Single Service Assembly w/ 1½ Service Line",null,null,null,null,null,null,null,"5/8 x 3/4 Meter Double Service Assembly w/ 1½\" Service Line"]
[null,"30800183","8 x 2 TAPPING SADDLE",1,"EA",{"$f":"'Inventory Cost 2021'!B734","v":99.47},{"$f":"D53*F53","v":99.47},null,null,null,"30800183","8 x 2 TAPPING SADDLE",1,"EA",{"$f":"'Inventory Cost 2021'!B734","v":99.47},{"$f":"M53*O53","v":99.47},null,"3/4 x 3/4 Meter Double Service Assembly w/ 1½\" Service Line"]
[null,"40200255","2\" CORP STOP VALVE-NO LEAD",1,"EA",{"$f":"'Inventory Cost 2021'!B861","v":216.67},216.67,null,null,null,"40200255","2\" CORP STOP VALVE-NO LEAD",1,"EA",{"$f":"'Inventory Cost 2021'!B861","v":216.67},216.67,null,30800183,"8 x 2 TAPPING SADDLE",1,"EA",128.37,128.37]
[null,"60112012","1-1-2\" CL 200 POLY PIPE",30,"LF",{"$f":"'Inventory Cost 2021'!B1603","v":1.49},44.7,null,null,null,"60112012","1-1-2\" CL 200 POLY PIPE",30,"LF",{"$f":"'Inventory Cost 2021'!B1603","v":1.49},44.7,null,40200255,"2\" CORP STOP VALVE-NO LEAD",1,"EA",288.05,288.05]
[null,"51400155","LOCATOR WIRE, # 14",30,"LF",{"$f":"'Inventory Cost 2021'!B1560","v":7.6499999999999999E-2},2.2949999999999999,null,null,null,"51400155","LOCATOR WIRE, # 14",30,"LF",{"$f":"'Inventory Cost 2021'!B1560","v":7.6499999999999999E-2},2.2949999999999999,null,60112012,"1-1-2\" CL 200 POLY PIPE",30,"LF",2.23,66.97]
[null,null,"Meter Setter - Ford VH72-12W-11-66-NL",1,"EA",{"$f":"F36","v":238.16},238.16,null,null,null,null,"Meter Setter - Ford VH72-12W-11-66-NL",2,"EA",238.16,476.32,null,51400155,"LOCATOR WIRE, # 14",30,"LF",2.96,88.84]
[null,"60112021","1-1/2\" PJ x MIPT POLY ADAPTOR",1,"EA",{"$f":"'Inventory Cost 2021'!B1569","v":67.900000000000006},67.900000000000006,null,null,null,null,"1½\" x 18\" BRASS NIPPLE",4,"EA",60,240,null,null,"Meter Setter - Ford VH73-12W-11-66-NL",2,"EA",220,440]
[null,null,"1½\" x 18\" BRASS NIPPLE",1,"EA",75,75,null,null,null,"100034060","RES METER BOX w/lid, STANDARD",2,"EA",{"$f":"[2]Extract!$O$1950","v":26.67},53.34,null,null,"1½\" x 18\" BRASS NIPPLE",2,"EA",60,120]
[null,"100034060","RES METER BOX w/lid, STANDARD",1,"EA",{"$f":"F39","v":27.93},27.93,null,null,null,null,"2x4 Marker",2,"EA",6,12,null,100034060,"RES METER BOX w/lid, STANDARD",2,"EA",37.06,74.11]
[null,null,"2x4 Marker",1,"EA",{"$f":"F40","v":6},6,null,null,null,"60112021","1-1/2\" PJ x MIPT POLY ADAPTOR",2,"EA",{"$f":"[2]Extract!$O$1583","v":67.900000000000006},135.80000000000001,null,null,"2x4 Marker",2,"EA",6,12]
[null,null,"2\"x1½\" Brass Bell Reducer",1,"EA",45,45,null,null,null,"80112190","1-1/2\" BRASS TEE",1,"EA",{"$f":"[2]Extract!$O$1793","v":17.55},17.55,null,60112021,"1-1/2\" PJ x MIPT POLY ADAPTOR",2,"EA",87.67,175.35]
[null,null,null,null,null,null,0,null,null,null,null,"1½\" 90 BRASS ELBOW",3,"EA",{"$f":"[2]Extract!$O$1787","v":15},45,null,80112190,"1-1/2\" BRASS TEE",1,"EA",22.01,22.01]
[null,null,null,null,null,null,0,null,null,null,null,null,null,null,null,null,null,null,"1½\" 90 BRASS ELBOW",3,"EA",22,66]
[null,null,null,null,null,null,null,null,null,null,null,null,null,null,null,0,null,80100134,"1½\" x 18\" BRASS NIPPLE",2,"EA",60,120]
[null,null,null,null,null,"Sub-Total",{"$f":"SUM(G53:G64)","v":823.12499999999989},null,null,null,null,null,null,null,null,null,null,null,null,null,null,null," $-   "]
[]
[null,null,null,null,null,null,null,null,null,null,null,null,null,null,"Sub-Total",{"$f":"SUM(P53:P65)","v":1343.1449999999998}]
[null,null,null,null,null,null,null,null,null,null,null,null,null,null,null,null,null,null,null,null,null," Sub-Total ",1601.7]
[]
[]
[]
[null,null,"1\" Meter Single Service Assembly",null,null,null,null,null,null,null,"1½\" Meter Single Service Assembly"]
[null,"30800183","8 x 2 TAPPING SADDLE",1,"EA",{"$f":"'Inventory Cost 2021'!B734","v":99.47},{"$f":"D74*F74","v":99.47},null,null,null,"30800183","8 x 2 TAPPING SADDLE",1,"EA",{"$f":"[2]Extract!$O$690","v":99.47},{"$f":"M74*O74","v":99.47}]
[null,"40200255","2\" CORP STOP VALVE-NO LEAD",1,"EA",{"$f":"'Inventory Cost 2021'!B861","v":216.67},216.67,null,null,null,"40200255","2\" CORP STOP VALVE-NO LEAD",1,"EA",{"$f":"[2]Extract!$O$878","v":216.67},216.67]
[null,"60112012","1-1-2\" CL 200 POLY PIPE",30,"LF",{"$f":"'Inventory Cost 2021'!B1603","v":1.49},44.7,null,null,null,"60200012","2\" CL 200 POLY PIPE",30,"LF",{"$f":"[2]Extract!$O$1593","v":2.09},62.699999999999996]
[null,"51400155","LOCATOR WIRE, # 14",30,"LF",{"$f":"F56","v":7.6499999999999999E-2},2.2949999999999999,null,null,null,"51400155","LOCATOR WIRE, # 14",30,"LF",{"$f":"[2]Extract!$O$1521","v":7.6499999999999999E-2},2.2949999999999999]
[null,null,"Meter Setter - Ford VH74-12W-11-66-NL",1,"EA",238,238,null,null,null,null,"Meter Setter - Ford VBHH76-18HBHC-11-77",1,"EA",1477,1477]
[null,null,"1½\" x 18\" BRASS NIPPLE",1,"EA",{"$f":"F59","v":75},75,null,null,null,null,"2\" x 18\" BRASS NIPPLE",1,"EA",41.33,41.33]
[null,"100034060","RES METER BOX w/lid, STANDARD",1,"EA",{"$f":"F60","v":27.93},{"$f":"D80*F80","v":27.93},null,null,null,"80200120","2\" x CLOSE BRASS NIPPLE",2,"EA",{"$f":"'Inventory Cost 2021'!B418","v":2.29},4.58]
[null,"100100158","1\" METER w/HRE REG+ERT",1,"EA",{"$f":"'Inventory Cost 2021'!B1978","v":305.94},{"$f":"D81*F81","v":305.94},null,null,null,null,"2\" Brass Elbow",2,"EA",{"$f":"'Inventory Cost 2021'!B1772","v":20.76},41.52]
[null,null,"2x4 Marker",1,"EA",{"$f":"F61","v":6},{"$f":"D82*F82","v":6},null,null,null,"100034060","RES METER BOX w/lid, STANDARD",1,"EA",{"$f":"[2]Extract!$O$1950","v":26.67},{"$f":"M82*O82","v":26.67}]
[null,null,"2\"x1½\" Brass Bell Reducer",1,"EA",{"$f":"F62","v":45},{"$f":"D83*F83","v":45},null,null,null,null,"2x4 Marker",1,"EA",6,{"$f":"M83*O83","v":6}]
[]
[null,null,null,null,null,"Sub-Total",{"$f":"SUM(G74:G83)","v":1061.0049999999999},null,null,null,null,null,null,null,"Sub-Total",{"$f":"SUM(P74:P83)","v":1978.2349999999999}]
[]
[]
[]
[null,null,"2\" Blowoff Assembly",null,null,null,null,null,null,"Wellhead Enclosure Assembly"]
[null,null,"2\" THREADED GATE AWWA",1,"EA",{"$f":"'Inventory Cost 2021'!B883","v":279.92},{"$f":"D90*F90","v":279.92},null,null,null,"Well 2.5 X 8"]
[null,null,"8 x 2 TAPPING SADDLE",1,"EA",{"$f":"'Inventory Cost 2021'!B734","v":99.47},99.47,null,null,"Unit of Prop","Inv No"]
[null,null,"18\" VALVE BOX RISER w/LID",1,"EA",{"$f":"'Inventory Cost 2021'!B1621","v":35.75},35.75,null,null,103240,null,"2.5\" sch 40 galv pipe (21ft lengths)",12,"EA",{"$f":"'Inventory Cost 2021'!B465*21","v":170.31},{"$f":"O92*M92","v":2043.72}]
[null,null,"VALVE BOX BOTTOM CI",1,"EA",{"$f":"'Inventory Cost 2021'!B1618","v":23},23,null,null,103240,null,"2.5\" wye fitting",0,"EA",{"$f":"'Inventory Cost 2021'!B1680","v":647},{"$f":"O93*M93","v":0}]
[null,null,"2 x 6 GALV NIPPLE",4,"EA",{"$f":"'Inventory Cost 2021'!B426","v":4.66},18.64,null,null,103240,null,"2.5\" collumn check valve",2,"EA",{"$f":"'Inventory Cost 2021'!B838","v":207.17},414.34]
[null,null,"2\" GALVANIZED PIPE",6,"LF",{"$f":"'Inventory Cost 2021'!B464","v":5.99},35.94,null,null,103240,null,"8\"x 2-1/2\" SPIDER",2,"EA",{"$f":"'Inventory Cost 2021'!B1704","v":10.33},20.66]
[null,null,"2\" GALV 90 ELBOW",4,"EA",{"$f":"'Inventory Cost 2021'!B291","v":7.6},30.4,null,null,103240,null,"2.5\" x 3\" bell red galv",1,"EA",{"$f":"'Inventory Cost 2021'!B214","v":36.35},36.35]
[null,null,"2\" PVC ADAPTOR FIP",2,"EA",{"$f":"'Inventory Cost 2021'!B18","v":9.67},19.34,null,null,103240,null,"2-1/2\" GALV COUPLING",12,"EA",{"$f":"'Inventory Cost 2021'!B249","v":14.36},172.32]
[null,null,"2\" PVC PIPE,  CL 200",20,"LF",{"$f":"'Inventory Cost 2021'!B138","v":0.65},13,null,null,103240,null,"#6-4 flat jacket subcable",300,"FT",{"$f":"'Inventory Cost 2021'!B1548","v":2.41},723]
[null,null,"BEDDING SAND",2.5,"CY",{"$f":"'Inventory Cost 2021'!B2047","v":5.1071},12.767749999999999,null,null,103240,null,"sounding tube",260,"FT",{"$f":"'Inventory Cost 2021'!B1692","v":1.84},478.40000000000003]
[null,null,null,null,null,null,null,null,null,103240,null,"sounding tube screen",20,"FT",{"$f":"'Inventory Cost 2021'!B1692","v":1.84},36.800000000000004]
[null,null,null,null,null,"Sub-Total",{"$f":"SUM(G90:G100)","v":568.22775000000001},null,null,103240,null,"assorted fittings",1,"EA",100,100]
[null,null,null,null,null,null,null,null,null,103240,null,"Well Seal",1,"EA",500,500]
[null,null,null,null,null,null,null,null,null,103240,null,"Wellhead Enclosure (Hubbel)",1,"EA",3400,3400]
[null,null,null,null,null,null,null,null,null,103240,null,"2-1/2\" BALL VALVE-NO LEAD",2,"EA",{"$f":"'Inventory Cost 2021'!B813","v":81.400000000000006},162.80000000000001]
[null,null,"2\" Air/Vac Assembly",null,null,null,null,null,null,103240,null,"1\" duck bill syle check valve",1,"ea",40,40]
[null,null,"2\" THREADED GATE AWWA",1,"EA",{"$f":"'Inventory Cost 2021'!B883","v":279.92},{"$f":"D106*F106","v":279.92},null,null,null,null,"Pad",1,"ea",1800,1800]
[null,null,"8 x 2 TAPPING SADDLE",1,"EA",{"$f":"'Inventory Cost 2021'!B734","v":99.47},99.47]
[null,null,"18\" VALVE BOX RISER w/LID",1,"EA",{"$f":"'Inventory Cost 2021'!B1621","v":35.75},35.75]
[null,null,"VALVE BOX BOTTOM CI",1,"EA",{"$f":"'Inventory Cost 2021'!B1618","v":23},23,null,null,null,null,null,null,null,"Sub-Total",{"$f":"SUM(P92:P106)","v":9928.39}]
[null,null,"2 x 6 GALV NIPPLE",7,"EA",{"$f":"'Inventory Cost 2021'!B426","v":4.66},32.620000000000005]
[null,null,"2\" AIR/VAC VALVE, ARI #D-040",1,"EA",{"$f":"'Inventory Cost 2021'!B804","v":288},288]
[null,null,"2\" GALVANIZED PIPE",7,"LF",{"$f":"[2]Extract!$O$434","v":6.42},44.94]
[null,null,"2\" GALV 90 ELBOW",4,"EA",{"$f":"[2]Extract!$O$419","v":7.24},28.96]
[null,null,"2\" PVC ADAPTOR FIP",2,"EA",{"$f":"[2]Extract!$O$100","v":9.67},19.34,null,null,"Chlorine Analyzer with Cell Modem"]
[null,null,"2\" GALV 180 ELBOW",1,"EA",{"$f":"[2]Extract!$O$437","v":76.709999999999994},76.709999999999994]
[null,null,"2\"  ENVIRO STRAINER-NO LEAD",1,"EA",{"$f":"[2]Extract!$O$880","v":44.55},44.55,null,null,"Unit of Prop","Inv No"]
[null,null,"2\" GALV CAP",1,"EA",{"$f":"[2]Extract!$O$415","v":3.69},3.69,null,null,103320,null,"Kuntze Chlorine Analyzer w/ gateway",1,"EA",6100,{"$f":"O117*M117","v":6100}]
[null,null,"2\" GALV REDUCING TEE",2,"EA",{"$f":"[2]Extract!$O$439","v":10.48},20.96,null,null,103760,null,"CradlePoint Cell Modem",1,"EA",550,{"$f":"O118*M118","v":550}]
[null,null,"3/4\" ANGLE STOP VALVE-NO LEAD",1,"EA",{"$f":"[2]Extract!$O$807","v":31.13},31.13,null,null,103760,null,"CA-400 NM-SMA-20 Cable",1,"EA",65,65]
[null,null,"3/4 x 18 GALV NIPPLE",2,"EA",{"$f":"[2]Extract!$O$294","v":0.9},1.8,null,null,103760,null,"Gradle Point High Gain Antennae",1,"EA",135,135]
[null,null,"3/4 x 6 GALV NIPPLE",1,"EA",{"$f":"[2]Extract!$O$290","v":1.2549999999999999},1.2549999999999999,null,null,103760,null,"50 ft CAT5 Ethernet Cable",1,"EA",15,15]
[null,null,"3/4\" GALV 90 ELBOW",1,"EA",{"$f":"[2]Extract!$O$277","v":4.83},4.83,null,null,103760,null,"mounting hardware",1,"EA",30,30]
[null,null,"EXTRA LG METER BOX LID, STD",1,"EA",{"$f":"[2]Extract!$O$1971","v":111.11},111.11,null,null,null,null,"DPD Colorimeter",1,"EA",463,463]
[null,null,"1 1/2 x 6 GALV NIPPLE",3,"EA",{"$f":"[2]Extract!$O$373","v":3.48},10.44]
[null,null,"1-1/2\" GALV 90 ELBOW",1,"EA",{"$f":"[2]Extract!$O$361","v":3.86},3.86,null,null,null,null,null,null,null,"Sub-Total",{"$f":"SUM(P117:P123)","v":7358}]
[null,null,"1-1/2\" GALV UNION",1,"EA",{"$f":"[2]Extract!$O$383","v":8.4700000000000006},8.4700000000000006]
[null,null,"CONCRETE VALVE BOX MARKER",1,"EA",{"$f":"[2]Extract!$O$1611","v":23.68},23.68]
[null,null,"2\" PVC PIPE,  CL 200",20,"LF",{"$f":"[2]Extract!$O$113","v":0.65},13]
[null,null,"BLOCKS 2/8  4/8  4/16 - AVG",3,"EA",{"$f":"[2]Extract!$O$2002","v":1.1406000000000001},3.4218000000000002]
[]
[null,null,null,null,null,"Sub-Total",{"$f":"SUM(G106:G129)","v":1210.9068000000002}]
[]
[]
[]
[]
[null,null,"2.5\" Pump Suspension Assembly","Enter Pump Suction Depth:",null,null,130,"FT"]
[null,"40212240","2-1/2\" INLINE CHK VALVE (DUCTILE IRON)",{"$f":"ROUND($G$136/80,0)","v":2},"EA",{"$f":"'Inventory Cost 2021'!B838","v":207.17},{"$f":"D137*F137","v":414.34}]
[null,103240,"2.5\" wye fitting",0,"EA",{"$f":"'Inventory Cost 2021'!B1680","v":647},{"$f":"F138*D138","v":0}]
[null,"70822171","8\"x 2-1/2\" SPIDER",{"$f":"ROUND($G$136/80,0)","v":2},"EA",{"$f":"'Inventory Cost 2021'!B1704","v":10.33},20.66]
[null,"20212190","2-1/2\" GALV TEE",1,"EA",{"$f":"'Inventory Cost 2021'!B492","v":42.47},42.47]
[null,"20212140","2-1/2\" GALVANIZED PIPE",{"$f":"G136","v":130},"FT",{"$f":"'Inventory Cost 2021'!B465","v":8.11},1054.3]
[null,"20212070","2-1/2\" GALV COUPLING",{"$f":"ROUND(G136/20,0)","v":7},"EA",{"$f":"'Inventory Cost 2021'!B249","v":14.36},100.52]
[null,"70100156","1\" SCH 80 SOUNDING TUBE",{"$f":"G136","v":130},"FT",{"$f":"'Inventory Cost 2021'!B1692","v":1.84},239.20000000000002]
[null,"60038100","3/8\" OD PE TUBING",{"$f":"G136","v":130},"FT",{"$f":"'Inventory Cost 2021'!B1613","v":0.32},41.6]
[]
[null,null,null,null,null,"Sub-Total",{"$f":"SUM(G137:G144)","v":1913.09}]

{"sheet":"Construction Labor","index":3,"n_rows":35,"n_cols":25,"rows_kept":35,"cut":false,"hidden":false,"merged":[]}
[null,null,null,{"$f":"'Estimate Form'!$K$6","v":"Southwood Water System"}]
[null,null,null,{"$f":"CONCATENATE('Estimate Form'!$K$8, \" County\")","v":"Pierce County"},null,null,null,"Eng. File #",{"$f":"'Estimate Form'!$K$9","v":3939}]
[null,null,null,{"$f":"'Estimate Form'!$K$7","v":"82nd Ave Apartments Distribution Extension"}]
[null,null,null,"Engineer's Opinion of Projected Construction Materials Costs"]
[null,null,null,{"$f":"TODAY()","v":"2022-05-25"}]
[]
["WWS Construction Crew- Mains",null,null,null,null,null,null,null,null,"WWS Construction Crew- Services",null,null,null,null,null,null,null,null,"WWS Construction Crew- Hydrants"]
[]
[null,null,null,null,null,"Rate","Sub-Total",null,null,null,null,null,null,null,"Rate","Sub-Total",null,null,null,null,null,null,null,"Rate","Sub-Total"]
["1 Man & Vac Truck",null,null,8,"HRS",75,{"$f":"D10*F10","v":600},null,null,"1 Man & Vac Truck",null,null,null,"HRS",75,{"$f":"M10*O10","v":0},null,null,"1 Man & Vac Truck",null,null,null,"HRS",75,{"$f":"V10*X10","v":0}]
["1 Man & Boom Truck",null,null,null,"HRS",75,{"$f":"D11*F11","v":0},null,null,"1 Man & Boom Truck",null,null,null,"HRS",75,{"$f":"M11*O11","v":0},null,null,"1 Man & Boom Truck",null,null,null,"HRS",75,{"$f":"V11*X11","v":0}]
["1 Man & Backhoe - Trench",null,null,8,"HRS",75,{"$f":"D12*F12","v":600},null,null,"1 Man & Backhoe - Trench",null,null,null,"HRS",75,{"$f":"M12*O12","v":0},null,null,"1 Man & Backhoe - Trench",null,null,null,"HRS",75,{"$f":"V12*X12","v":0}]
["1 Man & Backhoe - Comp",null,null,null,"HRS",75,0,null,null,"1 Man & Backhoe - Comp",null,null,null,"HRS",75,0,null,null,"1 Man & Backhoe - Comp",null,null,null,"HRS",75,0]
["Admin/Prep",null,null,8,"HRS",75,600,null,null,"Admin/Prep",null,null,4,"HRS",75,{"$f":"M14*O14","v":300},null,null,"Admin/Prep",null,null,8,"HRS",75,600]
["1 Man & Truck",null,null,null,"HRS",75,0,null,null,"1 Man & Truck",null,null,null,"HRS",75,0,null,null,"1 Man & Truck",null,null,null,"HRS",75,0]
["2 Men & Truck",null,null,8,"HRS",150,1200,null,null,"2 Men & Truck",null,null,null,"HRS",150,0,null,null,"2 Men & Truck",null,null,null,"HRS",150,0]
["1 Electrician & Truck",null,null,null,"HRS",80,0,null,null,"1 Electrician & Truck",null,null,null,"HRS",80,0,null,null,"1 Electrician & Truck",null,null,null,"HRS",80,0]
["2 Electricians & Truck",null,null,null,"HRS",160,0,null,null,"2 Electricians & Truck",null,null,null,"HRS",160,0,null,null,"2 Electricians & Truck",null,null,null,"HRS",160,0]
[null,null,null,null,null,null,0,null,null,null,null,null,null,null,null,0,null,null,null,null,null,null,null,null,0]
[]
[null,null,null,null,null,"Total",{"$f":"SUM(G10:G19)","v":3000},null,null,null,null,null,null,null,"Total",{"$f":"SUM(P10:P19)","v":300},null,null,null,null,null,null,null,"Total",{"$f":"SUM(Y10:Y19)","v":600}]
[]
["Outside Contractor - No Pilot Car"]
[]
["1-Flagger",null,"HRS",30,{"$f":"B25*D25","v":0}]
["2-Flaggers",null,"HRS",60,{"$f":"B26*D26","v":0}]
["Signs",null,"DAYS",105,{"$f":"B27*D27","v":0}]
["Other",null,"LS",null,{"$f":"B28*D28","v":0},"(RCE TRAFFIC CONTROL CUTSHEET)"]
[]
[null,null,"Sub-total",null,{"$f":"SUM(E25:E28)","v":0}]
[]
[]
["Sanitary Facility Rental (Portable Toilet)"]
[]
[null,"Days",75,{"$f":"A35*C35","v":0}]

{"sheet":"Eng Labor","index":4,"n_rows":42,"n_cols":8,"rows_kept":42,"cut":false,"hidden":false,"merged":[]}
[null,null,null,{"$f":"'Estimate Form'!$K$6","v":"Southwood Water System"},null,null,"Eng. File #",{"$f":"'Estimate Form'!$K$9","v":3939}]
[null,null,null,{"$f":"CONCATENATE('Estimate Form'!$K$8, \" County\")","v":"Pierce County"}]
[null,null,null,{"$f":"'Estimate Form'!$K$7","v":"82nd Ave Apartments Distribution Extension"}]
[null,null,null,"Engineer's Opinion of Projected Construction Materials Costs"]
[null,null,null,{"$f":"TODAY()","v":"2022-05-25"}]
[]
[]
[null,null,null,null,null,"Employee"]
[null,null,null,"Task","Hours","Classification","Rate","Total"]
[]
[null,null,null,"Facility Design"]
[null,null,null,"Project Setup ",1,"Engineer",85,{"$f":"E12*G12","v":85}]
[null,null,null,"Route Topo",null,"Engineer",85,{"$f":"E13*G13","v":0}]
[null,null,null,"Develop Base Drawings from Topo Info ",null,"Engineer",85,{"$f":"E14*G14","v":0}]
[null,null,null,"DOH Project Report and Approval",null,"Engineer",85,{"$f":"E15*G15","v":0}]
[null,null,null,"Design & Draft Watermain Construction Documents",null,"Engineer",85,0]
[]
[null,null,null,"Sub-Total",{"$f":"SUM(E12:E17)","v":1},null,null,{"$f":"SUM(H12:H17)","v":85}]
[]
[null,null,null,"Revisions per Peer Review Comments"]
[null,null,null,"P.E. Peer Review",2,"Principle Eng",115,{"$f":"E21*G21","v":230}]
[null,null,null,"Revisions to Construction Documents per Peer Review Comments",null,"Engineer",85,0]
[null,null,null,"Coping & Re-Submittal of Project Report & Construction Documents",null,"Clerical",60,0]
[]
[null,null,null,"Sub-Total",{"$f":"SUM(E21:E24)","v":2},null,null,{"$f":"SUM(H21:H24)","v":230}]
[]
[null,null,null,"Construction"]
[null,null,null,"Pre-Construction Conference with Engineering & Contractor",2,"Engineer",85,{"$f":"E28*G28","v":170}]
[null,null,null,"Construction Inspection & Pressure Test",8,"Engineer",85,{"$f":"E29*G29","v":680}]
[]
[null,null,null,"Sub-Total",{"$f":"SUM(E28:E30)","v":10},null,null,{"$f":"SUM(H28:H30)","v":850}]
[]
[null,null,null,"Record Documents"]
[null,null,null,"As-Built Drawings & Testing Validations along with Project Certification Document Preparation",2,"Engineer",85,{"$f":"E34*G34","v":170}]
[null,null,null,"P.E. Project Certification",null,"Principle Eng",{"$f":"G21","v":115},0]
[null,null,null,"Updating Base Maps & Site Piping",null,"Engineer",{"$f":"G22","v":85},0]
[null,null,null,"Project Close-Out",8,"Clerical",60,480]
[]
[null,null,null,"Sub Total",{"$f":"SUM(E34:E38)","v":10},null,null,{"$f":"SUM(H34:H38)","v":650}]
[]
[]
[null,null,null,"Projected Total Hours",{"$f":"E18+E25+E31+E39","v":23},null,null,{"$f":"H18+H25+H31+H39","v":1815}]

{"sheet":"Inventory Cost 2021","index":5,"n_rows":2051,"n_cols":2,"rows_kept":2051,"cut":false,"hidden":false,"merged":[]}
[]
["Descr","Last Price Paid"]
["1\"x3/4\" PVC ADAPTOR, PJxFIP-NO",29.36]
["1\" PVC ADAPTOR, PJxFIP-NO LEAD",30.74]
["1-1/4\" PVC ADAPTOR, PJxFIP-NO",38.81]
["1-1/2\" PVC ADAPTOR, PJxFIP-NO",79.12]
["2\" PVC ADAPTOR, PJxFIP-NO LEAD",106.36]
["1\"x3/4\" PVC ADAPTOR, PJxMIP-NO",28.97]
["1\" PVC ADAPTOR, PJxMIP-NO LEAD",30.1]
["1-1/4\" PVC ADAPTOR, PJxMIP-NO",49.56]
["1-1/2\" PVC ADAPTOR, PJxMIP-NO",63.72]
["2\" PVC ADAPTOR, PJxMIP-NO LEAD",92.58]
["1/2\" PVC ADAPTOR FIP",0.39]
["3/4\" PVC ADAPTOR FIP",0.34]
["1\" PVC ADAPTOR FIP",0.78]
["1-1/4\" PVC ADAPTOR FIP",0.76]
["1-1/2\" PVC ADAPTOR FIP",0.56000000000000005]
["2\" PVC ADAPTOR FIP",9.67]
["2-1/2\" PVC ADAPTOR FIP",1.49]
["3\" PVC ADAPTOR FIP",2.88]
["4\" PVC ADAPTOR FIP",5.24]
["6\" PVC ADAPTOR FIP",0]
["1/2\" PVC ADAPTOR MIP",0.22]
["3/4\" PVC ADAPTOR MIP",1.19]
["1\" PVC ADAPTOR MIP",0.42]
["1-1/4\" PVC ADAPTOR MIP",0.52]
["1-1/2\" PVC ADAPTOR MIP",0.64600000000000002]
["2\" PVC ADAPTOR MIP",0.9]
["2-1/2\" PVC ADAPTOR MIP",2.68]
["3\" PVC ADAPTOR MIP",5.76]
["4\" PVC ADAPTOR MIP",5]
["3/4\" PVC BUSHING SL x SL",0.6]
["1\" PVC BUSHING SL x SL",0.46]
["1-1/4\" PVC BUSHING SL x SL",1.67]
["1-1/2\" PVC BUSHING SL x SL",3.09]
["2\" PVC BUSHING SL x SL",1.25]
["2-1/2\" PVC BUSHING SL x SL",1.5763]
["3\" PVC BUSHING SL x SL",2.64]
["4\" PVC BUSHING SL x SL",5.0999999999999996]
["6\" PVC BUSHING SL x SL",9.56]
["1/2\" PVC BUSHING SL x TH",0.51]
["3/4\" PVC BUSHING SL x TH",1.0900000000000001]
["1\" PVC BUSHING SL x TH",0.76]
["1-1/4\" PVC BUSHING SL x TH",0.97]
["1-1/2\" PVC BUSHING SL x TH",4.7300000000000004]
["2\" PVC BUSHING SL x TH",1.75]
["2-1/2\" PVC BUSHING SL x TH",1.39]
["3\" PVC BUSHING SL x TH",1.5]
["4\" PVC BUSHING SL x TH",5.6]
["6\" PVC BUSHING SL x TH",0]
["1/2\" PVC CAP SL",0.17]
["3/4\" PVC CAP SL",0.24]
["1\" PVC CAP TH",0.54]
["1-1/4\" PVC CAP SL",0.49]
["1-1/2\" PVC CAP SL",1.19]
["2\" PVC CAP SL",6.61]
["2-1/2\" PVC CAP SL",2.0249999999999999]
["3\" PVC CAP SL",1.75]
["4\" PVC CAP SL",3.97]
["6\" PVC CAP SL",11.2]
["8\" PVC CAP SL",0]
["1/2\" PVC COUPLING, SL x SL",0.32]
["3/4\" PVC COUPLING, SL x SL",0.22]
["1\" PVC COUPLING, SL x SL",0.56000000000000005]
["1-1/4\" PVC COUPLING, SL x SL",0.99]
["1-1/2\" PVC COUPLING, SL x SL",0.51]
["2\" PVC COUPLING, SL x SL",0.73]
["2-1/2\" PVC COUPLING, SL x SL",1.69]
["3\" PVC COUPLING, SL x SL",2.0099999999999998]
["4\" PVC COUPLING, SL x SL",2.7]
["6\" PVC COUPLING, SL x SL",12.18]
["8\" PVC COUPLING, SL x SL",25.5]
["1/2\" PVC FLOW CPLG, COMPRESSIO",3.07]
["3/4\" PVC FLOW CPLG, COMPRESSIO",4.24]
["1\" PVC FLOW  CPLG, COMPRESSION",2.8]
["1-1/4\" PVC FLOW CPLG, COMPRESS",6.2]
["1-1/2\" PVC FLOW CPLG, COMPRESS",6.99]
["2\" PVC FLOW CPLG, COMPRESSION",7.05]
["2-1/2\" PVC FLOW CPLG, COMPRESS",15.79]
["3\" PVC FLOW CPLG, COMPRESSION",20.59]
["4\" PVC FLOW CPLG, COMPRESSION",0]
["3/4\" PVC PACKJOINT COUPLING-NO",26.68]
["1\" PVC PACKJOINT COUPLING-NO L",45.28]
["1-1/4\" PVC PACKJOINT COUPLING-",64.989999999999995]
["1-1/2\" PVC PACKJOINT COUPLING-",84.81]
["2\" PVC PACKJOINT COUPLING-NO L",132.62]
["1/2\" PVC CROSS, SL x SL",0]
["3/4\" PVC CROSS, SL x SL",1.1499999999999999]
["1\" PVC CROSS, SL x SL",1.45]
["1-1/4\" PVC CROSS, SL x SL",1.91]
["1-1/2\" PVC CROSS, SL x SL",2.15]
["2\" PVC CROSS, SL x SL",0]
["2-1/2\" PVC CROSS, SL x SL",0]
["3\" PVC CROSS, SL x SL",0]
["4\" PVC CROSS, SL x SL",0]
["1/2\" PVC ELBOW 45, SL x SL",0.38]
["3/4\" PVC ELBOW 45, SL x SL",0.5]
["1\" PVC ELBOW 45, SL x SL",0.69]
["1-1/4\" PVC ELBOW 45, SL x SL",0.88300000000000001]
["1-1/2\" PVC ELBOW 45, SL x SL",1.28]
["2\" PVC ELBOW 45, SL x SL",1.96]
["2-1/2\" PVC ELBOW 45, SL x SL",3.85]
["3\" PVC ELBOW 45, SL x SL",6.42]
["4\" PVC ELBOW 45, SL x SL",8.2799999999999994]
["6\" PVC ELBOW 45, SL x SL",27.04]
["1/2\" PVC ELBOW 90, SL x SL",0.3]
["3/4\" PVC ELBOW 90, SL x SL",0.26]
["1\" PVC ELBOW 90, SL x SL",1.29]
["1-1/4\" PVC ELBOW 90, SL x SL",0.84]
["1-1/2\" PVC ELBOW 90, SL x SL",0.9]
["2\" PVC ELBOW 90, SL x SL",1.64]
["2-1/2\" PVC ELBOW 90, SL x SL",2.65]
["3\" PVC ELBOW 90, SL x SL",3.56]
["4\" PVC ELBOW 90, SL x SL",6.36]
["6\" PVC ELBOW 90, SL x SL",20.23]
["1\"x3/4\" PVC SL x SL RED ELBOW",0]
["1\"x3/4\" PVC SL x TH RED ELBOW",1.27]
["2\" PVC VAN STONE FLG SCH 80",9.98]
["4\" PVC VAN STONE FLG SCH 80",17.66]
["4\" PVC PIPE, C900-165, DR25",2.67]
["6\" PVC PIPE, C900-165, DR25",2.99]
["8\" PVC PIPE, C900-165, DR25",4.95]
["10\" PVC PIPE, C900-165, DR25",7.6]
["12\" PVC PIPE, C900-165, DR25",10.06]
["4\" PVC PIPE, C900-235, DR18",2.33]
["6\" PVC PIPE, C900-235, DR18",4.38]
["8\" PVC PIPE, C900-235, DR18",9.44]
["10\" PVC PIPE, C900-235, DR18",9.25]
["12\" PVC PIPE, C900-235, DR18",16.350000000000001]
["4\" PVC PIPE, C900-305, DR14",0]
["6\" PVC PIPE, C900-305, DR14",0]
["8\" PVC PIPE, C900-305, DR14",5.75]
["10\" PVC PIPE, C900-305, DR14",0]
["3/4\" PVC PIPE,  CL 200",0]
["1\" PVC PIPE,  CL 200",0]
["1-1/4\" PVC PIPE,  CL 200",0]
["1-1/2\" PVC PIPE,  CL 200",0]
["2\" PVC PIPE,  CL 200",0.65]
["2-1/2\" PVC PIPE,  CL 200",1]
["3\" PVC PIPE,  CL 200",2.0099999999999998]
["4\" PVC PIPE,  CL 200",2.0499999999999998]
["6\" PVC PIPE,  CL 200",3.44]
["8\" PVC PIPE,  CL 200",0]
["10\" PVC PIPE,  CL 200",0]
["12\" PVC PIPE,  CL 200",14.8]
["3/4\" PVC PIPE,  SCHEDULE 40",0.23200000000000001]
["1\" PVC PIPE,  SCHEDULE 40",0.34]
["1-1/4\" PVC PIPE,  SCHEDULE 40",0.5]
["1-1/2\" PVC PIPE,  SCHEDULE 40",0.79]
["2\" PVC PIPE,  SCHEDULE 40",0.79]
["2-1/2\" PVC PIPE,  SCHEDULE 40",1.04]
["3\" PVC PIPE,  SCHEDULE 40",1.35]
["4\" PVC PIPE,  SCHEDULE 40",2.09]
["1\" PVC PLUG",0]
["1-1/4\" PVC PLUG",1.026]
["1-1/2\" PVC PLUG",1.1619999999999999]
["4\" PVC PLUG",4.96]
["1/2\" PVC TEE, SL x SL",1.45]
["3/4\" PVC TEE, SL x SL",0.54]
["1\" PVC TEE, SL x SL",0.64]
["1-1/4\" PVC TEE, SL x SL",1.27]
["1-1/2\" PVC TEE, SL x SL",1.6]
["2\" PVC TEE, SL x SL",2.04]
["2-1/2\" PVC TEE, SL x SL",3.68]
["3\" PVC TEE, SL x SL",7.58]
["4\" PVC TEE, SL x SL",9.44]
["6\" PVC TEE, SL x SL",32.369999999999997]
["1\" PVC REDUCING TEE SLxSL",0.88]
["1-1/4\" PVC REDUCING TEE SLxSL",0]
["1-1/2\" PVC REDUCING TEE SLxSL",0]
["2\" PVC REDUCING TEE SLxSL",0]
["2-1/2\" PVC REDUCING TEE SLxSL",0]
["3\" PVC REDUCING TEE SLxSL",0]
["4\" PVC REDUCING TEE SLxSL",12.06]
["3/4\" PVC REDUCING TEE SLxTH",0]
["1\" PVC REDUCING TEE SLxTH",0.8]
["1-1/4\" PVC REDUCING TEE SLxTH",0]
["1-1/2\" PVC REDUCING TEE SLxTH",2.2639999999999998]
["2\" PVC REDUCING TEE SLxTH",0]
["2-1/2\" PVC REDUCING TEE SLxTH",5.35]
["3\" PVC REDUCING TEE SLxTH",0]
["1/2\" PVC TEE SLxTH",0]
["3/4\" PVC TEE SLxTH",0]
["1\" PVC TEE SLxTH",0.97599999999999998]
["1-1/4\" PVC TEE SLxTH",0]
["1-1/2\" PVC TEE SLxTH",2.1280000000000001]
["2\" PVC TEE SLxTH",0]
["2-1/2\" PVC TEE SLxTH",0]
["3\" PVC TEE SLxTH",0]
["1\" PVC UNION",3.12]
["2\" PVC UNION",10.25]
["1\" PVC SCH 80 FIP ADAPTOR",2.96]
["2\" PVC SCH 80 FIP ADAPTOR",10.76]
["2-1/2\" PVC SCH 80 FIP ADAPTOR",16.149999999999999]
["2\" PVC SCH 80 BUSHING SL x TH",4.34]
["1\" PVC SCH 80 CPLG, SLxSL",2.88]
["1-1/2\" PVC SCH 80 CPLG, SLxSL",0]
["2\" PVC SCH 80 CPLG, SLxSL",3.56]
["3\" PVC SCH 80 CPLG, SLxSL",15.17]
["2\" PVC SCH 80 ELBOW 90, SLxSL",2.99]
["2\" PVC SCH 80 PIPE",1.31]
["2\" PVC SCH 80 TEE, SLxSL",10.64]
["1\" PVC SCH 80 UNION, SLxSL",5.12]
["2\" PVC SCH 80 UNION, SLxSL",13.57]
["1/4\" GALV BELL REDUCER",0]
["3/8\" GALV BELL REDUCER",1.34]
["1/2\" GALV BELL REDUCER",1.1000000000000001]
["3/4\" GALV BELL REDUCER",1.57]
["1\" GALV BELL REDUCER",1.8]
["1-1/4\" GALV BELL REDUCER",3.09]
["1-1/2\" GALV BELL REDUCER",6.33]
["2\" GALV BELL REDUCER",9.1300000000000008]
["2-1/2\" GALV BELL REDUCER",17.899999999999999]
["3\" GALV BELL REDUCER",36.35]
["4\" GALV BELL REDUCER",39.33]
["1/4\" GALV BUSHING",1.33]
["3/8\" GALV BUSHING",1.1499999999999999]
["1/2\" GALV BUSHING",2.11]
["3/4\" GALV BUSHING",1.72]
["1\" GALV BUSHING",1.6]
["1-1/4\" GALV BUSHING",2.3199999999999998]
["1-1/2\" GALV BUSHING",3.04]
["2\" GALV BUSHING",4.18]
["2-1/2\" GALV BUSHING",6.62]
["3\" GALV BUSHING",8.6199999999999992]
["4\" GALV BUSHING",19.68]
["6\" GALV BUSHING",39.92]
["1/8\" GALV CAP",0]
["1/4\" GALV CAP",1.4]
["3/8\" GALV CAP",0]
["1/2\" GALV CAP",0.88]
["3/4\" GALV CAP",1.24]
["1\" GALV CAP",1.4]
["1-1/4\" GALV CAP",2.0299999999999998]
["1-1/2\" GALV CAP",0]
["2\" GALV CAP",3.69]
["2-1/2\" GALV CAP",12.09]
["3\" GALV CAP",0]
["4\" GALV CAP",0]
["1/8\" GALV COUPLING",2.06]
["1/4\" GALV COUPLING",1.24]
["3/8\" GALV COUPLING",1.48]
["1/2\" GALV COUPLING",1.2]
["3/4\" GALV COUPLING",1.17]
["1\" GALV COUPLING",1.87]
["1-1/4\" GALV COUPLING",5.62]
["1-1/2\" GALV COUPLING",3.54]
["2\" GALV COUPLING",5.84]
["2-1/2\" GALV COUPLING",14.36]
["3\" GALV COUPLING",18.940000000000001]
["4\" GALV COUPLING",0]
["6\" GALV COUPLING",0]
["1/2\" GALV TELSCO COUPLING",23.22]
["3/4\" GALV TELSCO COUPLING",0]
["1\" GALV TELSCO COUPLING",19.34]
["1-1/4\" GALV TELSCO COUPLING",35.14]
["1-1/2\" GALV TELSCO COUPLING",36.450000000000003]
["2\" GALV TELSCO COUPLING",46.72]
["1/8\" GALV CROSS",0]
["1/4\" GALV CROSS",3.93]
["3/8\" GALV CROSS",0]
["1/2\" GALV CROSS",0]
["3/4\" GALV CROSS",5.17]
["1\" GALV CROSS",7.12]
["1-1/4\" GALV CROSS",0]
["1-1/2\" GALV CROSS",0]
["2\" GALV CROSS",27]
["2-1/2\" GALV CROSS",0]
["3\" GALV CROSS",0]
["4\" GALV CROSS",0]
["1/8\" GALV 45 ELBOW",0]
["1/4\" GALV 45 ELBOW",1.48]
["3/8\" GALV 45 ELBOW",0]
["1/2\" GALV 45 ELBOW",0]
["3/4\" GALV 45 ELBOW",1.84]
["1\" GALV 45 ELBOW",2.4700000000000002]
["1-1/4\" GALV 45 ELBOW",4.53]
["1-1/2\" GALV 45 ELBOW",4.8]
["2\" GALV 45 ELBOW",7.61]
["2-1/2\" GALV 45 ELBOW",24.95]
["3\" GALV 45 ELBOW",0]
["4\" GALV 45 ELBOW",63.38]
["1/8\" GALV 90 ELBOW",0]
["1/4\" GALV 90 ELBOW",1.19]
["3/8\" GALV 90 ELBOW",1.1000000000000001]
["1/2\" GALV 90 ELBOW",0.84]
["3/4\" GALV 90 ELBOW",0.86]
["1\" GALV 90 ELBOW",1.59]
["1-1/4\" GALV 90 ELBOW",2.5299999999999998]
["1-1/2\" GALV 90 ELBOW",3.86]
["2\" GALV 90 ELBOW",7.6]
["2-1/2\" GALV 90 ELBOW",13.69]
["3\" GALV 90 ELBOW",26.21]
["4\" GALV 90 ELBOW",53.41]
["6\" GALV 90 ELBOW",467.34]
["1/2\" GALV 180 ELBOW",0]
["3/4\" GALV 180 ELBOW",15.63]
["1\" GALV 180 ELBOW",22.91]
["1-1/2\" GALV 180 ELBOW",64.45]
["2\" GALV 180 ELBOW",76.709999999999994]
["1/4\" GALV RED 90 ELBOW",0]
["3/8\" GALV RED 90 ELBOW",0]
["1/2\" GALV RED 90 ELBOW",0]
["3/4\" GALV RED 90 ELBOW",0]
["1\" GALV RED 90 ELBOW",1.87]
["1-1/4\" GALV RED 90 ELBOW",3.66]
["1-1/2\" GALV RED 90 ELBOW",5.63]
["2\" GALV RED 90 ELBOW",6.82]
["2-1/2\" GALV RED 90 ELBOW",0]
["4\" GALV RED 90 ELBOW",0]
["1/8\" GALV STREET 90 ELBOW",0]
["1/4\" GALV STREET 90 ELBOW",1.51]
["3/8\" GALV STREET 90 ELBOW",1.51]
["1/2\" GALV STREET 90 ELBOW",1.82]
["3/4\" GALV STREET 90 ELBOW",1.5]
["1\" GALV STREET 90 ELBOW",2.0299999999999998]
["1-1/4\" STREET GALV 90 ELBOW",3.71]
["1-1/2\" STREET GALV 90 ELBOW",5.52]
["2\" GALV STREET 90 ELBOW",9.65]
["2-1/2\" GALV STREET 90 ELBOW",0]
["3\" GALV STREET 90 ELBOW",0]
["4\" GALV STREET 90 ELBOW",65.38]
["1/8 x CL GALV NIPPLE",0.68]
["1/8 x 1 1/2 GALV NIPPLE",0.92]
["1/8 x 2 GALV NIPPLE",0.95]
["1/8 x 2 1/2 GALV NIPPLE",1.22]
["1/8 x 3 GALV NIPPLE",1.25]
["1/8 x 3 1/2 GALV NIPPLE",1.46]
["1/8 x 4 GALV NIPPLE",1.5]
["1/8 x 4 1/2 GALV NIPPLE",2.42]
["1/8 x 5 GALV NIPPLE",2.4500000000000002]
["1/8 x 5 1/2 GALV NIPPLE",2.72]
["1/8 x 6 GALV NIPPLE",2.75]
["1/8 x 8 GALV NIPPLE",0]
["1/4 x CL GALV NIPPLE",0.72]
["1/4 x 1 1/2 GALV NIPPLE",0.84]
["1/4 x 2 GALV NIPPLE",0.84]
["1/4 x 3 GALV NIPPLE",1.08]
["1/4 x 4 GALV NIPPLE",1.32]
["1/4 x 5 GALV NIPPLE",1.78]
["1/4 x 6 GALV NIPPLE",2]
["3/8 x 2 GALV NIPPLE",0.9]
["3/8 x 2 1/2 GALV NIPPLE",0.8]
["3/8 x 3 GALV NIPPLE",0.8]
["3/8 x 3 1/2 GALV NIPPLE",0.95]
["3/8 x 4 GALV NIPPLE",0.95]
["3/8 x 4 1/2 GALV NIPPLE",0]
["3/8 x 5 GALV NIPPLE",0]
["3/8 x 5 1/2 GALV NIPPLE",2.16]
["3/8 x 6 GALV NIPPLE",0]
["1/2\" x CL GALV NIPPLE",0.64]
["1/2 x 1 1/2 GALV NIPPLE",0.68]
["1/2 x 2 GALV NIPPLE",0.96]
["1/2 x 2 1/2 GALV NIPPLE",1.26]
["1/2 x 3 GALV NIPPLE",0.84]
["1/2 x 3 1/2 GALV NIPPLE",0.98]
["1/2 x 4 GALV NIPPLE",1]
["1/2 x 4 1/2 GALV NIPPLE",1.24]
["1/2 x 5 GALV NIPPLE",1.1599999999999999]
["1/2 x 5 1/2 GALV NIPPLE",1.4]
["1/2 x 6 GALV NIPPLE",1.32]
["3/4 x CL GALV NIPPLE",0.59]
["3/4 x 1 1/2 GALV NIPPLE",0.65]
["3/4 x 2 GALV NIPPLE",0.65]
["3/4 x 2 1/2 GALV NIPPLE",0.72]
["3/4 x 3 GALV NIPPLE",0.72]
["3/4 x 3 1/2 GALV NIPPLE",1.34]
["3/4 x 4 GALV NIPPLE",1]
["3/4 x 4 1/2 GALV NIPPLE",1.48]
["3/4 x 5 GALV NIPPLE",1.19]
["3/4 x 5 1/2 GALV NIPPLE",1.41]
["3/4 x 6 GALV NIPPLE",1.33]
["3/4 x 8 GALV NIPPLE",2.31]
["3/4 x 10 GALV NIPPLE",2.57]
["3/4 x 12 GALV NIPPLE",2.87]
["3/4 x 18 GALV NIPPLE",4.83]
["1 x CL GALV NIPPLE",0.84]
["1 x 2 GALV NIPPLE",0.92]
["1 x 2 1/2 GALV NIPPLE",0.84]
["1 x 3 GALV NIPPLE",1.1200000000000001]
["1 x 3 1/2 GALV NIPPLE",1.73]
["1 x 4 GALV NIPPLE",1.79]
["1 x 4 1/2 GALV NIPPLE",1.32]
["1 x 5 GALV NIPPLE",2.11]
["1 x 5 1/2 GALV NIPPLE",2.39]
["1 x 6 GALV NIPPLE",2.11]
["1 x 8 GALV NIPPLE",2.95]
["1 x 10 GALV NIPPLE",3.44]
["1 x 12 GALV NIPPLE",3.89]
["1 x 18 GALV NIPPLE",6.41]
["1 1/4 x CL GALV NIPPLE",1.29]
["1 1/4 x 2 GALV NIPPLE",1.49]
["1 1/4 x 2 1/2 GALV NIPPLE",1.78]
["1 1/4 x 3 GALV NIPPLE",1.78]
["1 1/4 x 3 1/2 GALV NIPPLE",2.11]
["1 1/4 x 4 GALV NIPPLE",3.67]
["1 1/4 x 4 1/2 GALV NIPPLE",2.6]
["1 1/4 x 5 GALV NIPPLE",2.6]
["1 1/4 x 5 1/2 GALV NIPPLE",2.84]
["1 1/4 x 6 GALV NIPPLE",5.28]
["1 1/4 x 8 GALV NIPPLE",4.9000000000000004]
["1 1/4 x 10 GALV NIPPLE",5.83]
["1 1/4 x 12 GALV NIPPLE",6.97]
["1 1/4 x 18 GALV NIPPLE",0]
["1 1/2 x CL GALV NIPPLE",1.26]
["1 1/2 x 2 GALV NIPPLE",1.43]
["1 1/2 x 2 1/2 GALV NIPPLE",2.13]
["1 1/2 x 3 GALV NIPPLE",2.25]
["1 1/2 x 3 1/2 GALV NIPPLE",3.08]
["1 1/2 x 4 GALV NIPPLE",2.67]
["1 1/2 x 4 1/2 GALV NIPPLE",3.37]
["1 1/2 x 5 GALV NIPPLE",3.37]
["1 1/2 x 5 1/2 GALV NIPPLE",3.48]
["1 1/2 x 6 GALV NIPPLE",3.31]
["1 1/2 x 8 GALV NIPPLE",4.1283000000000003]
["1 1/2 x 10 GALV NIPPLE",4.8117000000000001]
["1 1/2 x 12 GALV NIPPLE",7.48]
["2 x CL GALV NIPPLE",2.29]
["2 x 2 1/2 GALV NIPPLE",2.59]
["2 x 3 GALV NIPPLE",2.59]
["2 x 3 1/2 GALV NIPPLE",3.44]
["2 x 4 GALV NIPPLE",3.44]
["2 x 4 1/2 GALV NIPPLE",4.2]
["2 x 5 GALV NIPPLE",3.74]
["2 x 5 1/2 GALV NIPPLE",4.55]
["2 x 6 GALV NIPPLE",4.66]
["2 x 8 GALV NIPPLE",7.88]
["2 x 10 GALV NIPPLE",8.8800000000000008]
["2 x 12 GALV NIPPLE",10.56]
["2 1/2 x CL GALV NIPPLE",6.29]
["2 1/2 x 2 1/2 GALV NIPPLE",6.29]
["2 1/2 x 3 GALV NIPPLE",6.13]
["2 1/2 x 3 1/2 GALV NIPPLE",6.42]
["2 1/2 x 4 GALV NIPPLE",6.52]
["2 1/2 x 4 1/2 GALV NIPPLE",7.15]
["2 1/2 x 5 GALV NIPPLE",7.27]
["2 1/2 x 6 GALV NIPPLE",7.86]
["2 1/2 x 8 GALV NIPPLE",10.11]
["2 1/2 x 10 GALV NIPPLE",11.52]
["2 1/2 x 12 GALV NIPPLE",17.510000000000002]
["3 x CL GALV NIPPLE",9.08]
["3 x 3 GALV NIPPLE",14.05]
["3 x 3 1/2 GALV NIPPLE",14.35]
["3 x 4 GALV NIPPLE",14.74]
["3 x 4 1/2 GALV NIPPLE",15.05]
["3 x 5 GALV NIPPLE",15.19]
["3 x 5 1/2 GALV NIPPLE",15.35]
["3 x 6 GALV NIPPLE",10.84]
["3 x 8 GALV NIPPLE",0]
["3 x 12 GALV NIPPLE",21.42]
["3 x 24 GALV NIPPLE",0]
["4 x CL GALV NIPPLE",13.69]
["4 x 4 GALV NIPPLE",14.86]
["4 x 4 1/2 GALV NIPPLE",15.15]
["4 x 5 GALV NIPPLE",15.35]
["4 x 5 1/2 GALV NIPPLE",16.73]
["4 x 6 GALV NIPPLE",16.95]
["4 x 12 GALV NIPPLE",31.83]
["1/2\" GALVANIZED PIPE",0.79730000000000001]
["3/4\" GALVANIZED PIPE",0.94]
["1\" GALVANIZED PIPE",1.9234]
["1-1/4\" GALVANIZED PIPE",1.88]
["1-1/2\" GALVANIZED PIPE",4.09]
["2\" GALVANIZED PIPE",5.99]
["2-1/2\" GALVANIZED PIPE",8.11]
["3\" GALVANIZED PIPE",11.63]
["4\" GALVANIZED PIPE",14.09]
["6\" GALVANIZED PIPE",13.4]
["8\" GALVANIZED PIPE",21]
["1/8\" GALV PLUG",0]
["1/4\" GALV PLUG",0.9]
["3/8\" GALV PLUG",0]
["1/2\" GALV PLUG",1.1399999999999999]
["3/4\" GALV PLUG",1.1599999999999999]
["1\" GALV PLUG",1.42]
["1-1/4\" GALV PLUG",2.06]
["1-1/2\" GALV PLUG",2.3359999999999999]
["2\" GALV PLUG",4.04]
["2-1/2\" GALV PLUG",5.96]
["3\" GALV PLUG",0]
["4\" GALV PLUG",17.309999999999999]
["6\" GALV PLUG",61.52]
["1/8\" GALV TEE",0]
["1/4\" GALV TEE",1.53]
["3/8\" GALV TEE",1.43]
["1/2\" GALV TEE",1.55]
["3/4\" GALV TEE",1.8]
["1\" GALV TEE",2.41]
["1-1/4\" GALV TEE",8.2200000000000006]
["1-1/2\" GALV TEE",9.76]
["2\" GALV TEE",10.31]
["2-1/2\" GALV TEE",42.47]
["3\" GALV TEE",25.58]
["4\" GALV TEE",68.5]
["6\" GALV TEE",182.54]
["1/2\" GALV BULL HEAD TEE",0]
["3/4\" GALV BULL HEAD TEE",3.43]
["1\" GALV BULL HEAD TEE",6.37]
["1/2\" GALV REDUCING TEE",4.49]
["3/4\" GALV REDUCING TEE",2.91]
["1\" GALV REDUCING TEE",3.93]
["1-1/4\" GALV REDUCING TEE",5.69]
["1-1/2\" GALV REDUCING TEE",7.51]
["2\" GALV REDUCING TEE",10.48]
["2-1/2\" GALV REDUCING TEE",0]
["3\" GALV REDUCING TEE",40.08]
["4\" GALV REDUCING TEE",0]
["1/8\" GALV UNION",7.68]
["1/4\" GALV UNION",4.95]
["3/8\" GALV UNION",3.3]
["1/2\" GALV UNION",3.9]
["3/4\" GALV UNION",3.91]
["1\" GALV UNION",5.27]
["1-1/4\" GALV UNION",19.93]
["1-1/2\" GALV UNION",8.4700000000000006]
["2\" GALV UNION",14.91]
["2-1/2\" GALV UNION",34.03]
["3\" GALV UNION",51.8]
["4\" GALV UNION",89.43]
["3\" FLG x MJ ADAPTOR",0]
["4\" FLG x MJ ADAPTOR",49.87]
["6\" FLG x MJ ADAPTOR",68.41]
["8\" FLG x MJ ADAPTOR",92.67]
["10\" FLG x MJ ADAPTOR",110]
["12\" FLG x MJ ADAPTOR",171.39]
["3\" CAP, MJ SOLID CAP",38.89]
["4\" MJ SOLID CAP",39.409999999999997]
["6\" MJ SOLID CAP",25.85]
["8\" MJ SOLID CAP",51.07]
["10\" MJ SOLID CAP",58.7]
["12\" MJ SOLID CAP",66.66]
["3\" MJ LONG BARREL",0]
["4\" MJ LONG BARREL",34.840000000000003]
["6\" MJ LONG BARREL",75.239999999999995]
["8\" MJ LONG BARREL",98.45]
["10\" MJ LONG BARREL",0]
["12\" MJ LONG BARREL",125.99]
["2\" AND 2-1/2\" HYMAX COUPLINGS",98.25]
["3\" HYMAX COUPLING",122.88]
["4\" HYMAX COUPLING",224.85]
["6\" HYMAX COUPLING",219.95]
["8\" HYMAX COUPLING",248.33]
["10\" HYMAX COUPLING",355.79]
["12\" HYMAX COUPLING RANGE 12.40",0]
["12\" HYMAX COUPLING RANGE 13.5\"",0]
["2\" CPLG, UNIVRSAL SB or ROMAC",54.11]
["2-1/2\" CPLG, UNIVRSAL SB or RO",48.11]
["3\" CPLG, UNIVRSAL SB or ROMAC",90.91]
["4\" CPLG, UNIVRSAL SB or ROMAC",245.93]
["6\" CPLG, UNIVRSAL SB or ROMAC",0]
["8\" CPLG, UNIVRSAL SB or ROMAC",0]
["10\" CPLG, UNIVRSAL SB or ROMAC",0]
["12\" CPLG, UNIVRSAL SB or ROMAC",0]
["6\" CROSS, FLANGE CROSS",0]
["8\" CROSS, FLANGE CROSS",0]
["4\" ELBOW, FLANGE 90 ELBOW DI",0]
["6\" ELBOW, FLANGE 90 ELBOW DI",117.64]
["8\" ELBOW, FLANGE 90 ELBOW DI",0]
["6\" MJ 11-1/4 ELBOW",63.52]
["8\" MJ 11-1/4 ELBOW",80.38]
["10\" MJ 11-1/4 ELBOW",0]
["12\" MJ 11-1/4 ELBOW",0]
["4\" MJ 22 1/2  ELBOW",28.2]
["6\" MJ 22 1/2  ELBOW",51.68]
["8\" MJ 22 1/2  ELBOW",88.42]
["10\" MJ 22 1/2  ELBOW",0]
["12\" MJ 22 1/2  ELBOW",0]
["3\" MJ 45  ELBOW",0]
["4\" MJ 45  ELBOW",39.24]
["6\" MJ 45  ELBOW",54.18]
["8\" MJ 45  ELBOW",90.78]
["10\" MJ 45  ELBOW",95.78]
["12\" MJ 45  ELBOW",0]
["3\" MJ 90  ELBOW",32.57]
["4\" MJ 90  ELBOW",50.67]
["6\" MJ 90  ELBOW",77]
["8\" MJ 90  ELBOW",113.59]
["10\" MJ 90  ELBOW",150]
["12\" MJ 90  ELBOW",237.36]
["4\" MJ x FLG 90  ELBOW",57.84]
["6\" MJ x FLG 90  ELBOW",74.680000000000007]
["8\" MJ x FLG 90  ELBOW",141.82]
["3\" FLG BOLT & GSKT KIT",4.25]
["4\" FLG BOLT & GSKT KIT",5.75]
["6\" FLG BOLT & GSKT KIT",11.82]
["8\" FLG BOLT & GSKT KIT",13.04]
["10\" FLG BOLT & GSKT KIT",21.25]
["12\" FLG BOLT & GSKT KIT",21.93]
["4\" BLIND FLANGE",38.020000000000003]
["6\" BLIND FLANGE",0]
["8\" BLIND FLANGE",72.95]
["10\" BLIND FLANGE",0]
["12\" BLIND FLANGE",214.16]
["2\" COMPANION FLANGE",17.559999999999999]
["2-1/2\" COMPANION FLANGE",9.42]
["3\" COMPANION FLANGE",36.479999999999997]
["4\" COMPANION FLANGE",46.11]
["6\" COMPANION FLANGE",77.03]
["8\" COMPANION FLANGE",0]
["3\" FLG TAPPED 2*2-1/2\"",15.61]
["4\" FLG TAPPED 2*2-1/2*3\"",0]
["6\" FLG TAPPED 2*2-1/2*3*4\"",65.08]
["8\" FLG TAPPED 2*2-1/2*3*4*6\"",122.47]
["10\" FLG TAPPED 2*2-1/2*3*4*6*8",275.85000000000002]
["4\" UNI, KWIK or FIELD FLANGE",45.84]
["6\" UNI, KWIK or FIELD FLANGE",52.89]
["8\" UNI, KWIK or FIELD FLANGE",0]
["2\" FLANGE GASKET",0.91]
["2-1/2\" FLANGE GASKET",1.1299999999999999]
["3\" FLANGE GASKET",1.3]
["4\" FLANGE GASKET",1.43]
["6\" FLANGE GASKET",2.0699999999999998]
["8\" FLANGE GASKET",2.94]
["10\" FLANGE GASKET",4.25]
["12\" FLANGE GASKET",4.5999999999999996]
["3\" MJ x PVC TRANS GASKET",4.9450000000000003]
["4\" MJ x PVC TRANS GASKET",6.452]
["6\" MJ x PVC TRANS GASKET",7.3049999999999997]
["8\" MJ x PVC TRANS GASKET",6.63]
["10\" MJ x PVC TRANS GASKET",8.84]
["12\" MJ x PVC TRANS GASKET",11.42]
["3\" MEGALUG PK/KIT (DI)",0]
["4\" MEGALUG PK/KIT (DI)",35.15]
["6\" MEGALUG PK/KIT (DI)",43.53]
["8\" MEGALUG PK/KIT (DI)",55.4]
["10\" MEGALUG PK/KIT (DI)",80.2]
["12\" MEGALUG PK/KIT (DI)",101.91]
["3\" MEGALUG PK/KIT (PVC)",39.340000000000003]
["4\" MEGALUG PK/KIT (PVC)",43.26]
["6\" MEGALUG PK/KIT (PVC)",54.35]
["8\" MEGALUG PK/KIT (PVC)",69]
["10\" MEGALUG PK/KIT (PVC)",110]
["12\" MEGALUG PK/KIT (PVC)",121.62]
["3\" MJ GLAND PACK KIT",10.5]
["4\" MJ GLAND PACK KIT",43.26]
["6\" MJ GLAND PACK KIT",24.06]
["8\" MJ GLAND PACK KIT",25.7]
["10\" MJ GLAND PACK KIT",37.08]
["12\" MJ GLAND PACK KIT",38.56]
["3\" MJ PLUG (Tapped or not)",0]
["4\" MJ PLUG (Tapped or not)",15.81]
["6\" MJ PLUG (Tapped or not)",32]
["8\" MJ PLUG (Tapped or not)",70.319999999999993]
["10\" MJ PLUG (Tapped or not)",99.29]
["12\" MJ PLUG (Tapped or not)",93]
["4 x 3 FLG REDUCER",53.53]
["6 x 2 FLG REDUCER",0]
["6 x 4 FLG REDUCER",99.8]
["8 x 4 FLG REDUCER",0]
["8 x 6 FLG REDUCER",145]
["10 x 8 FLG REDUCER",0]
["12 x 10 or 8 FLG REDUCER",0]
["4\" MJ REDUCER",0]
["6\" MJ REDUCER",45.06]
["8\" MJ REDUCER",49.02]
["10\" MJ REDUCER",0]
["12\" MJ REDUCER",0]
["4 x 3 MJ x FLG REDUCER",39]
["6 x 4 MJ x FLG REDUCER",211.73]
["8 x 6 MJ x FLG REDUCER",144.21]
["10 x 8 MJ x FLG REDUCER",470.77]
["12 x 10 MJ x FLG REDUCER",0]
["4 x 3 MJxPE Lg End Bell RED",0]
["6 x 4 MJxPE Lg End Bell RED",58.75]
["8 x 6 MJxPE Lg End Bell RED",68.290000000000006]
["10 x 8 MJxPE Lg End Bell RED",88.5]
["12 x 8 MJxPE Lg End Bell RED",108.29]
["12 x 10 MJxPE Lg End Bell RED",0]
["4 x 3 MJxPE Sml End Bell RED",57.25]
["6 x 4 MJxPE Sml End Bell RED",38.61]
["8 x 6 MJxPE Sml End Bell RED",58.75]
["10 x 8 MJxPE Sml End Bell RED",115.37]
["12 x 8 MJxPE Sml End Bell RED",91.99]
["12 x 10 MJxPE Sml End Bell RED",0]
["4\" DUCTILE IRON PIPE",21.849399999999999]
["6\" DUCTILE IRON PIPE",17.1144]
["8\" DUCTILE IRON PIPE",18.22]
["10\" DUCTILE IRON PIPE",32.0794]
["12\" DUCTILE IRON PIPE",40.383299999999998]
["2\" COLLAR LK CLAMP Glue Jt",65.989999999999995]
["2-1/2\" COLLAR LK CLAMP Glue Jt",61.37]
["3\" COLLAR LK CLAMP Glue Jt",76.47]
["4\" COLLAR LK CLAMP Glue Jt",87.12]
["6\" COLLAR LK CLAMP Glue Jt",103.85]
["8\" COLLAR LK CLAMP Glue Jt",0]
["4\" BELL JT LK CLAMP Slip Jt",63.94]
["6\" BELL JT LK CLAMP Slip Jt",125.04]
["8\" BELL JT LK CLAMP Slip Jt",172.97]
["10\" BELL JT LK CLAMP Slip Jt",0]
["1/2 x 6 REP CLAMP, Style SC",17.66]
["3/4 x 6 REP CLAMP, Style SC",19.420000000000002]
["1 x 6 REP CLAMP, Style SC",20.73]
["1-1/4 x 6 REP CLAMP, Style SC",14.67]
["1-1/2 x 6 REP CLAMP, Style SC",15.94]
["2 x 6 REP CLAMP, Style SC",16.72]
["2-1/2 x 6 REP CLAMP, Style SC",24.05]
["3 x 6 REP BAND, Style CL1",84.19]
["2 x 7-1/2 REP BAND, Style CL1",0]
["2-1/2 x 7-1/2 REP BAND, CL1",0]
["3 x 7-1/2 REP BAND, Style CL1",0]
["4 x 7-1/2  REP BAND, Style CL1",51.38]
["6 x 7-1/2 REP BAND, Style CL1",0]
["2 x 12 REP BAND, Style CL1",78.17]
["3 x 12 REP BAND, Style CL1",0]
["4 x 10 REP BAND, Style CL2",108.5]
["6 x 10 REP BAND, Style CL2",0]
["8 x 10 REP BAND, Style CL2",0]
["10 x 10 REP BAND, Style CL2",0]
["12 x 10 REP BAND, Style CL2",0]
["2 1/2 x 15 REP BAND, Style CL1",0]
["3 x 15 REP BAND, Style CL1",106.91]
["4 x 15 REP BAND, Style CL1or2",126.41]
["6 x 15 REP BAND, Style CL1or2",220.71]
["8 x 15 REP BAND, Style CL1or2",0]
["10 x 15 REP BAND, Style CL1or2",0]
["12 x 15 REP BAND, Style CL1or2",0]
["4 x 20 REP BAND, Style CL1or2",168]
["6 x 20 REP BAND, Style CL1or2",254.44]
["8 x 20 REP BAND, Style CL1or2",0]
["4 x 25 REP BAND, Style CL1or2",0]
["6 x 25 REP BAND, Style CL1or2",0]
["8 x 25 REP BAND, Style CL1or2",0]
["2 x 1 TAPPING SADDLE",33.28]
["2 1/2 x 1 TAPPING SADDLE",32.56]
["3 x 1 TAPPING SADDLE",35.56]
["4 x 1 TAPPING SADDLE",39.18]
["6 x 1 TAPPING SADDLE",45.45]
["8 x 1 TAPPING SADDLE",51.57]
["10 x 1 TAPPING SADDLE",58.64]
["12 x 1 TAPPING SADDLE",65.989999999999995]
["3 x 2 TAPPING SADDLE",74.83]
["4 x 2 TAPPING SADDLE",73.08]
["6 x 2 TAPPING SADDLE",74.430000000000007]
["8 x 2 TAPPING SADDLE",99.47]
["10 x 2 TAPPING SADDLE",122.63]
["12 x 2 TAPPING SADDLE",109.8]
["2 x 1 TAPPING SLEEVE",0]
["2-1/2 x 1 TAPPING SLEEVE",0]
["4 x 2 TAPPING SLEEVE",0]
["4 x 4 TAPPING SLEEVE",539.80999999999995]
["6 x 6 TAPPING SLEEVE",670.18]
["6 x 3 TAPPING SLEEVE",0]
["6 x 4 TAPPING SLEEVE",621]
["8 x 4 TAPPING SLEEVE",597.30999999999995]
["8 x 6 TAPPING SLEEVE",614.23]
["8 x 8 TAPPING SLEEVE",850.8]
["10 x 4 TAPPING SLEEVE",643.82000000000005]
["10 x 6 TAPPING SLEEVE",658.34]
["10 x 10 TAPPING SLEEVE",1100]
["12 x 12 TAPPING SLEEVE",0]
["4\" FLANGE TEE",170.93]
["6\" FLANGE TEE",218.42]
["8\" FLANGE TEE",327.2]
["10\" FLANGE TEE",395]
["12\" FLANGE TEE",0]
["4 x 3 FLG REDUCING TEE",0]
["6 x 3 FLG REDUCING TEE",0]
["6 x 4 FLG REDUCING TEE",182.99]
["8 x 4 FLG REDUCING TEE",217.8]
["8 X 6 FLG REDUCING TEE",282.75]
["10 x 8 FLG REDUCING TEE",0]
["10 x 6 FLG REDUCING TEE",0]
["12 x 6 FLG REDUCING TEE",501.05]
["6 x 4 MJ REDUCING TEE",0]
["8 x 4 MJ REDUCING TEE",78.3]
["8 x 6 MJ REDUCING TEE",122.3]
["10 x 6 MJ REDUCING TEE",160]
["12 x 6 MJ REDUCING TEE",0]
["12 x 8 MJ REDUCING TEE",0]
["3\" MJ TEE",51.195]
["4\" MJ TEE",46.46]
["6\" MJ TEE",115.67]
["8\" MJ TEE",115.43]
["10\" MJ TEE",179]
["12\" MJ TEE",250]
["6 x 3 MJ x FLG REDUCING TEE",0]
["6 x 4 MJ x FLG REDUCING TEE",101]
["8 x 4 MJ x FLG REDUCING TEE",132.71]
["8 x 6 MJ x FLG REDUCING TEE",177.06]
["10 x 4 MJ x FLG REDUCING TEE",188.44]
["10 x 6 MJ x FLG REDUCING TEE",230]
["10 x 8 MJ x FLG REDUCING TEE",0]
["12 x 4 MJ x FLG REDUCING TEE",0]
["12 x 6 MJ x FLG REDUCING TEE",197]
["12 x 8 MJ x FLG REDUCING TEE",192.63]
["3\" MJ x FLG TEE",59.35]
["4\" MJ x FLG TEE",88.04]
["6\" MJ x FLG TEE",114.89]
["8\" MJ x FLG TEE",157.59]
["10\" MJ x FLG TEE",285]
["12\" MJ x FLG TEE",0]
["4\" MJ SLEEVE DI",0]
["6\" MJ SLEEVE DI",0]
["8\" MJ SLEEVE DI",0]
["10\" MJ SLEEVE DI",0]
["12\" MJ SLEEVE DI",0]
["1/4\" AIR RELEASE 1/4 or 1/2",0]
["1/2\"-3/4\" AIR RLEASE Apco S-50",0]
["1\" AIR RELEASE, Apco #200",0]
["2\" AIR RELEASE, Apco #200",828]
["1\" AIR/VAC, Apco 143C",0]
["2\" AIR/VAC, Apco 145C",0]
["1\" AIR/VAC VALVE, ARI #D-040",153]
["2\" AIR/VAC VALVE, ARI #D-040",288]
["4\" VALMATIC VENT SAFE",206.25]
["1/4\" BALL VALVE-NO LEAD",3.59]
["1/2\" BALL VALVE-NO LEAD",4.07]
["3/4\" BALL VALVE-NO LEAD",8.69]
["1\" BALL VALVE-NO LEAD",10.9]
["1-1/4\" BALL VALVE VALVE-NO LEA",21.66]
["1-1/2\" BALL VALVE-NO LEAD",20.47]
["2\" BALL VALVE-NO LEAD",44.59]
["2-1/2\" BALL VALVE-NO LEAD",81.400000000000006]
["1/2\" PVC BALL VALVE",2.65]
["1\" PVC BALL VALVE",17.809999999999999]
["2\" PVC BALL VALVE",7.75]
["3/4' ANGLE CHECK VALVE-NO LEAD",35.92]
["1' ANGLE CHECK VALVE-NO LEAD",42.83]
["1-1/4' ANGLE CHECK VALVE-NO LE",0]
["1-1/2' ANGLE CHECK VALVE-NO LE",169.79]
["2' ANGLE CHECK VALVE-NO LEAD",221.05]
["3/4' STRAIGHT CHECK VALVE-NO L",33.03]
["1' STRAIGHT CHECK VALVE-NO LEA",38.450000000000003]
["2' STRAIGHT CHECK VALVE-NO",0]
["2\" WFR CHK VALVE",247.06]
["2-1/2\" WFR CHK VALVE",213.11]
["3\" WFR CHK VALVE",300]
["4\" WFR CHK VALVE",283]
["6\" WFR CHK VALVE",681.33]
["8\" WFR CHK VALVE (DI)",0]
["1\" DOUBLE CHK (BACKFLOW)-NO LE",357]
["1/2\" INLINE CHK (Flwmatic # 80",21.53]
["3/4\" INLINE CHK (DUCTILE IRON)",58.09]
["1\" INLINE CHK VALVE (DUCTILE I",16.788399999999999]
["1-1/4\" INLINE CHK VALVE (DUCTI",23]
["1-1/2\" INLINE CHK VALVE (DUCTI",34.200000000000003]
["2\" INLINE CHK VALVE (DUCTILE I",58.71]
["2-1/2\" INLINE CHK VALVE (DUCTI",207.17]
["3\" INLINE CHK VALVE (DUCTILE I",193.17]
["4\" INLINE CHK VALVE (DUCTILE I",297.72000000000003]
["6\" INLINE CHK VALVE (DUCTILE I",773.45]
["8\" INLINE CHK VALVE (DI)",0]
["1-1/2\" INLINE PVC CHK VALVE",0]
["1/2\" SWING CHECK-NO LEAD",7.26]
["3/4\" SWING CHECK-NO LEAD",8.49]
["1\" SWING CHECK-NO LEAD",11.49]
["1-1/4\" SWING CHECK-NO LEAD",19.27]
["1-1/2\" SWING CHECK-NO LEAD",24.41]
["2\" SWING CHECK-NO LEAD",57.15]
["2-1/2\" SWING CHECK-NO LEAD",75.87]
["3\" SWING CHECK-NO LEAD",0]
["6\" SWING CHECK VALVE (DI)",557]
["8\" SWING CHECK VALVE (DI)",1682.06]
["1/2\" CHK (COMPRESSOR RPR)",17.04]
["3/4\" CHK (COMPRESSOR RPR)",0]
["1/8\" COCK VALVE-NO LEAD",0]
["1/4\" COMP BALL VALVE-NO LEAD",5.84]
["3/4\" COCK VALVE-NO LEAD",0]
["1\" COCK VALVE-NO LEAD",0]
["1\" CORP STOP VALVE-NO LEAD",45.42]
["2\" CORP STOP VALVE-NO LEAD",216.67]
["1\" CORP STOP x PAC JT-NO LEAD",71.44]
["1-1/2\" CORP STOP x PAC JT-NO L",0]
["1\" CORP STOP x PJ for CTS-NO L",0]
["3/4\" FOOT VALVE-NO LEAD",20.43]
["1\" FOOT VALVE-NO LEAD",22.69]
["1-1/4\" FOOT VALVE-NO LEAD",26.45]
["1-1/2\" FOOT VALVE-NO LEAD",45.11]
["2\" FOOT VALVE-NO LEAD",65.569999999999993]
["2-1/2\" FOOT VALVE-NO LEAD",221]
["3\" FOOT VALVE-NO LEAD",0]
["4\" FOOT VALVE-NO LEAD",513.24]
["1\"  ENVIRO STRAINER-NO LEAD",0]
["2\"  ENVIRO STRAINER-NO LEAD",44.55]
["2\" PVC FOOT VALVE SCREEN",8.57]
["2-1/2\"FLG GATE VALVE AWWA",0]
["3\" FLG GATE VALVE AWWA",355.4]
["4\" FLG GATE VALVE AWWA",438.09]
["6\" FLG GATE VALVE AWWA",499.67]
["8\" FLG GATE VALVE AWWA",780.74]
["1\" THREADED GATE AWWA",0]
["1-1/2\" THREADED GATE AWWA",0]
["2\" THREADED GATE AWWA",279.92]
["2-1/2\" THREADED GATE AWWA",306]
["3\" THREADED GATE AWWA",0]
["4\" THREADED GATE AWWA",0]
["3\" MJ GATE VALVE AWWA",410.48]
["4\" MJ GATE VALVE AWWA",431.19]
["6\" MJ GATE VALVE AWWA",495]
["8\" MJ GATE VALVE AWWA",930.52]
["10\" MJ GATE VALVE AWWA",1096.83]
["12\" MJ GATE VALVE AWWA",1360.68]
["3\" MJ x FLG GATE VALVE",331.33]
["4\" MJ x FLG GATE VALVE",438.09]
["6\" MJ x FLG GATE VALVE",577.94000000000005]
["8\" MJ x FLG GATE VALVE",904.37]
["10\" MJ x FLG GATE VALVE",1435.35]
["12\" MJ x FLG GATE VALVE",1270.45]
["1/4\" WHEEL GATE VALVE-NO LEAD",6.49]
["1/2\" WHEEL GATE VALVE-NO LEAD",7.8]
["3/4\" WHEEL GATE VALVE-NO LEAD",7.16]
["1\" WHEEL GATE VALVE-NO LEAD",12.49]
["1-1/4\" WHEEL GATE VALVE-NO LEA",14.79]
["1-1/2\" WHEEL GATE VALVE-NO LEA",20.309999999999999]
["2\" WHEEL GATE VALVE-NO LEAD",27.57]
["2-1/2\" WHEEL GATE VALVE-NO LEA",63.59]
["3\" WHEEL GATE VALVE-NO LEAD",87.3]
["4\" WHEEL GATE VALVE-NO LEAD",188.26]
["1/2\" HOSE BIBB-NO LEAD",5.08]
["3/4\" HOSE BIBB-NO LEAD",6.13]
["1/4\" NEEDLE VALVE-NO LEAD",9.09]
["4\" or 6\" POST IND, POST ONLY",652.41999999999996]
["4\" POST IND, VALVE ONLY",424.14]
["6\" POST IND, VALVE ONLY",561.94000000000005]
["4\" POST IND, VALVE WITH POST",1349.27]
["6\" POST IND, VALVE WITH POST",1455]
["3/4\" PRESS REGULATING VALVE-NO",93.75]
["1\" PRESS REGULATING VALVE-NO L",116.74]
["1-1/4\" PRESS REGULATING VALVE-",206.29]
["1-1/2\" PRESS REGULATING VALVE-",720.68]
["2\" PRESS REGULATING VALVE-NO L",900.75]
["3/4\" PRESS RELIEF VALVE-NO LEA",1109.4100000000001]
["1\" PRESS RELIEF VALVE-NO LEAD",308]
["1-1/4\" PRESS RELIEF VALVE-NO L",489.5]
["1-1/2\" PRESS RELIEF VALVE-NO L",676.86]
["2\" PRESS RELIEF VALVE-NO LEAD",1096.54]
["3/4\" PRESS REL NON-CODE ADJ-NO",6.82]
["1/8\" SNIFTER VALVE-NO LEAD",0.98]
["1/4\" SNIFTER VALVE-NO LEAD",0]
["1-1/2\" SOLENOID VALVE",0]
["2\" SOLENOID VALVE",0]
["3/4\" ANGLE STOP VALVE-NO LEAD",32.549999999999997]
["1\" ANGLE STOP VALVE-NO LEAD",49.57]
["1-1/2\" ANGLE STOP VALVE-NO LEA",151.63]
["2\"\" ANGLE STOP VALVE-NO LEAD",294.95999999999998]
["3/4\" STRAIGHT STOP VALVE-NO LE",38.86]
["1\" STRAIGHT STOP VALVE-NO LEAD",88.08]
["1-1/2\" STRAIGHT STOP VALVE-NO",0]
["3/4\" STOP & WASTE-NO LEAD",0]
["1\" STOP & WASTE-NO LEAD",0]
["1-1/4\" STOP & WASTE-NO LEAD",0]
["1/2\" WYE STRAINER-NO LEAD",0]
["3/4\" WYE STRAINER-NO LEAD",28.43]
["1-1/4\" WYE STRAINER-NO LEAD",41.63]
["1-1/2\" WYE STRAINER-NO LEAD",127.42]
["2\" WYE STRAINER-NO LEAD",116.67]
["ALARM HORN",119.73]
["ALARM HORN ASSEMBLY",0]
["ALARM LIGHT ASSEMBLY",95.2]
["ALARM LIGHT BASE",0]
["ALARM LIGHT GLOBE",0]
["ALARM LIGHT GLOBE GUARD",0]
["ALARM, WP HORN BOX",37.590000000000003]
["ALTERNATOR COIL - 220V",22.015000000000001]
["ALT, SOLID STATE 2 PUMP",0]
["ALT, SOLID STATE 4 PUMP",0]
["15 AMP 1POLE BREAKER",4.54]
["20 AMP 1POLE BREAKER",4.54]
["30 AMP 1POLE BREAKER",0]
["40 AMP 1POLE BREAKER",0]
["50 AMP 1POLE BREAKER",4.12]
["BREAKER, 20AMP GFI",0]
["BREAKER KO PLUG - ANY SIZE",1.0509999999999999]
["BREAKER RETAINER",0]
["15 AMP 2POLE BREAKER",15.37]
["20 AMP 2POLE BREAKER",10.199999999999999]
["30 AMP 2POLE BREAKER",18.559999999999999]
["40 AMP 2POLE BREAKER",9.43]
["50 AMP 2POLE BREAKER",10.199999999999999]
["60 AMP 2POLE BREAKER",0]
["70 AMP 2POLE BREAKER",24.2]
["100 AMP 2POLE BREAKER",27.09]
["125 AMP 2POLE BREAKER",105.16]
["15 AMP 3POLE BREAKER",78.52]
["20 AMP 3POLE BREAKER",67.069999999999993]
["30 AMP 3POLE BREAKER",73.290000000000006]
["40 AMP 3POLE BREAKER",312.08999999999997]
["50 AMP 3POLE BREAKER",312.08999999999997]
["60 AMP 3POLE BREAKER",73.290000000000006]
["100 AMP 3POLE BREAKER",0]
["1\" INSULATED GRD BUSHING",5.9752000000000001]
["1-1/4\" INSULATED GRD BUSHING",1.56]
["1-1/2\" INSULATED GRD BUSHING",2.4500000000000002]
["2\" INSULATED GRD BUSHING",11.645]
["2-1/2\" INSULATED GRD BUSHING",19.23]
["3\" INSULATED GRD BUSHING",29.295000000000002]
["1/2\" INS PLASTIC BUSHING",0.2044]
["3/4\" INS PLASTIC BUSHING",0]
["1\" INS PLASTIC BUSHING",0.57499999999999996]
["1-1/4\" INS PLASTIC BUSHING",0.16500000000000001]
["1-1/2\" INS PLASTIC BUSHING",1.2108000000000001]
["2\" INS PLASTIC BUSHING",1.8431999999999999]
["2-1/2\" INS PLASTIC BUSHING",2.7669999999999999]
["3\" INS PLASTIC BUSHING",3.29]
["4\" INS PLASTIC BUSHING",0]
["BUSHING, KO PLASTIC",0]
["3/4\" THREADED BUSHING",0]
["1\" THREADED BUSHING",1.86]
["1-1/4\" THREADED BUSHING",2.0299999999999998]
["1-1/2\" THREADED BUSHING",0]
["2\" THREADED BUSHING",0]
["#6 SCREW TYPE NSI BUTT SPLICE",14.5158]
["10MFD 370V RUN CAPACITOR",3.75]
["15MFD 370V RUN CAPACITOR",0]
["20MFD 370V RUN CAPACITOR",6.5933000000000002]
["30MFD 370V RUN CAPACITOR",11.66]
["35MFD 370V RUN CAPACITOR",12.6]
["40-45MFD 370V RUN CAPACITOR",44.5]
["108-130MFD 110V START CAP",5.3]
["130-156MFD 110V START CAP",5.5]
["161-193MFD 110V START CAP",12.57]
["216-259MFD 110V START CAP",0]
["324-389MFD 110V START CAP",7.56]
["378-454MFD 110V START CAP",9.1199999999999992]
["460-552MFD 110V START CAP",9.66]
["652-662MFD 110V START CAP",0]
["708-850MFD 110V START CAP",16.07]
["108-130MFD 220V START CAP",16.45]
["130-156MFD 220V START CAP",5.56]
["145-174MFD 220V START CAP",12]
["216-259MFD 220V START CAP",32]
["280-324MFD 220V START CAP",37]
["108-130MFD 330V START CAP",36.299999999999997]
["130-156MFD 330V START CAP",18.22]
["145-174MFD 330V START CAP",20.29]
["216-259MFD 330V START CAP",35.25]
["270-324MFD 330V START CAP",36.25]
["350-420MFD 330V START CAP",88.61]
["622-849MFD 330V START CAP",0]
["115V ALTERNATOR COIL",0]
["480V ALTERNATOR COIL",0]
["120V CONTACTOR COIL SMALL",14.884399999999999]
["220V CONTACTOR COIL SMALL",0]
["120V STARTER COIL LARGE",211.85]
["220V START COIL (dual voltage)",84]
["120V FURNAS STARTER COIL",0]
["220V FURNAS STARTER COIL",0]
["460V FURNAS STARTER COIL",0]
["1/2\" CONDUIT STRAP",0.1434]
["3/4\" CONDUIT STRAP",0.254]
["1\" CONDUIT STRAP",0.69]
["1-1/4\" CONDUIT STRAP",0.60599999999999998]
["1-1/2\" CONDUIT STRAP",0.87829999999999997]
["2\" CONDUIT STRAP",1.359]
["2-1/2\" CONDUIT STRAP",1.0780000000000001]
["3\" CONDUIT STRAP",0]
["4\" CONDUIT STRAP",0]
["1/2\" EMT CONDUIT STRAP",0.1124]
["3/4\" EMT CONDUIT STRAP",0.16919999999999999]
["1\" EMT CONDUIT STRAP",0.218]
["1-1/4\" EMT CONDUIT STRAP",0.3175]
["1-1/2\" EMT CONDUIT STRAP",1.3120000000000001]
["2\" EMT CONDUIT STRAP",1.29]
["2-1/2\" EMT CONDUIT STRAP",0]
["1\" PVC END BELL",0.32500000000000001]
["1-1/4\"  PVC BELL END",0]
["1-1/2\"  PVC PVC BELL END",0]
["2\" PVC BELL END",4.8849999999999998]
["2-1/2\" PVC BELL END",4.9132999999999996]
["3\" PVC BELL END",0]
["1/2\" EMT CONDUIT",0.255]
["3/4\" EMT CONDUIT",0.38600000000000001]
["1\" EMT CONDUIT",0.73929999999999996]
["1-1/4\" EMT CONDUIT",0.996]
["1-1/2\" EMT CONDUIT",1.22]
["2\" EMT CONDUIT",2.181]
["2-1/2\" EMT CONDUIT",0]
["1/2\" LT FLEX CONDUIT",0.69]
["3/4\" LT FLEX CONDUIT",1.7658]
["1\" LT FLEX CONDUIT",3.2643]
["1-1/4\" LT FLEX CONDUIT",4.0663999999999998]
["1-1/2\" LT FLEX CONDUIT",4.9329999999999998]
["1/2\" FLEX ALUM CONDUIT",0.59109999999999996]
["3/4\" FLEX ALUM CONDUIT",0]
["1\" FLEX ALUM CONDUIT",0]
["1-1/4\" FLEX ALUM CONDUIT",0]
["1/2\" PVC SCHEDULE 40 CONDUIT",0.18629999999999999]
["3/4\" PVC SCHEDULE 40 CONDUIT",0.22370000000000001]
["1\" PVC SCHEDULE 40 CONDUIT",0.57999999999999996]
["1-1/4\" PVC SCHEDULE 40 CONDUIT",0.46850000000000003]
["1-1/2\" PVC SCHEDULE 40 CONDUIT",0.50390000000000001]
["2\" PVC SCHEDULE 40 CONDUIT",0.74729999999999996]
["2-1/2\" PVC SCHEDULE 40 CONDUIT",1.054]
["3\" PVC SCHEDULE 40 CONDUIT",1.3140000000000001]
["4\" PVC SCHEDULE 40 CONDUIT",1.6463000000000001]
["1/2\" RIGID CONDUIT",0]
["3/4\" RIGID CONDUIT",0]
["1\" RIGID CONDUIT",0]
["1-1/4\" RIGID CONDUIT",0]
["1/2\" RUNNING THREAD CONDUIT",0]
["3/4\" RUNNING THREAD CONDUIT",0]
["1\" RUNNING THREAD CONDUIT",0]
["1-1/4\" RUNNING THREAD CONDUIT",0]
["1-1/2\" RUNNING THREAD CONDUIT",0]
["2\" RUNNING THREAD CONDUIT",43.746699999999997]
["2-1/2\" RUNNING THREAD CONDUIT",2.41]
["3\" RUNNING THREAD CONDUIT",0]
["MAIN LINE SPLICE BLOCK",120.46]
["1/2\" UF CONNECTOR",0]
["3/4\" UF CONNECTOR",0]
["#6 OR #8 CORD GRIP CONNECTOR",2.44]
["#12 OR #14 CORD GRIP CONNECTOR",1.33]
["30A FEM CORD GRIP RECEPTICAL",56.12]
["30AMP MALE CORD GRIP PLUG",21.98]
["60AMP MALE CORD GRIP PLUG",0]
["1/2\" EMT CONNECTOR",0.52329999999999999]
["3/4\" EMT CONNECTOR",10.68]
["1\" EMT CONNECTOR",0.97499999999999998]
["1-1/4\" EMT CONNECTOR",2.92]
["1-1/2\" EMT CONNECTOR",0]
["2\" EMT CONNECTOR",4.5688000000000004]
["1/2\" EMT OFF-SET CONNECTOR",0]
["3/4\" EMT OFF-SET CONNECTOR",0]
["1\" EMT OFF-SET CONNECTOR",0]
["1/2\" EMT x FLEX CONNECTOR",0]
["3/4\" EMT x FLEX CONNECTOR",0]
["1\" EMT x FLEX CONNECTOR",0]
["3/8\" FLEX CONNECTOR",0]
["1/2\" FLEX CONNECTOR",1.56]
["3/4\" FLEX CONNECTOR",2.31]
["1\" FLEX CONNECTOR",0]
["1-1/4\" FLEX CONNECTOR",0]
["1-1/2\" FLEX CONNECTOR",10.96]
["1/2\" LT or FLEX CONNECTOR",2.4900000000000002]
["3/4\" LT or FLEX CONNECTOR",3.9]
["1\" LT or FLEX CONNECTOR",5.3049999999999997]
["1-1/4\" LT or FLEX CONNECTOR",8.9473000000000003]
["1-1/2\" LT or FLEX CONNECTOR",12.574999999999999]
["2\" LT or FLEX CONNECTOR",23.445]
["2-1/2\" LT or FLEX CONNECTOR",110.435]
["#4 TO #1/0 SPLITBOLT CONNECTOR",7.415]
["#10 TO #4 SPLIT BOLT CONNECTOR",3.6840000000000002]
["N/C or N/O STARTER AUX CONTACT",48.45]
["N/C or N/O HOA CONTACT BLOCKS",49.88]
["SIZE 2 CONTACT KIT",191.4]
["SIZE 3 CONTACT KIT",0]
["15 or 20AMP 2POLE CONTACTOR",47.630899999999997]
["30AMP 2POLE CONTACTOR",58]
["30AMP 3POLE CONTACTOR",70.760000000000005]
["40AMP 2 POLE CONTACTOR",74.22]
["40AMP 3 POLE CONTACTOR",117.97]
["50AMP 2 POLE CONTACTOR",109.76]
["50AMP 3 POLE CONTACTOR",0]
["60AMP 2 POLE CONTACTOR",0]
["70AMP 2 POLE CONTACTOR",0]
["70AMP 3 POLE CONTACTOR",0]
["1/2\" PVC CONDUIT COUPLING",0.443]
["3/4\" PVC CONDUIT COUPLING",1.89]
["1\" PVC CONDUIT COUPLING",0.30599999999999999]
["1-1/4\" PVC CONDUIT COUPLING",0.4425]
["1-1/2\" PVC CONDUIT COUPLING",0.65400000000000003]
["2\" PVC CONDUIT COUPLING",0.71499999999999997]
["2-1/2\" PVC CONDUIT COUPLING",1.34]
["3\" PVC CONDUIT COUPLING",0]
["4\" PVC CONDUIT COUPLING",0]
["1/2\" EMT CONDUIT COUPLING",2.59]
["3/4\" EMT CONDUIT COUPLING",3.18]
["1\" EMT CONDUIT COUPLING",1.0843]
["1-1/4\" EMT CONDUIT COUPLING",8.0649999999999995]
["1-1/2\" EMT CONDUIT COUPLING",2.3439999999999999]
["2\" EMT CONDUIT COUPLING",0]
["100AMP 240V 3 PH DISCONNECT",0]
["100AMP 600V 3 PH DISCONNECT",139]
["200AMP 1PH w/FS NEMA 1 (indoor",0]
["200AMP 1PH w/FS NEMA 3 (outdoo",0]
["200AMP 3PH w/FS NEMA 1 (indoor",0]
["200AMP 3PH w/FS NEMA 3 (Outdoo",0]
["30AMP 1 PH CHEAP P/O DISCONNEC",0]
["30AMP 600V 3 PH w/FS DISCONNEC",173.69]
["60AMP 240V 1PH w/FS DISCONNECT",0]
["60AMP 240V 3PH NF DISCONNECT",0]
["60AMP 240V 3PH w/FS DISCONNECT",0]
["60AMP 600V 3PH w/FS DISCONNECT",208.37]
["1/2\" EMT 90 ELBOW",0]
["3/4\" EMT 90 ELBOW",3.3267000000000002]
["1\" EMT 90 ELBOW",5.96]
["1-1/4\" EMT 90 ELBOW",7.22]
["1-1/2\" EMT 90 ELBOW",6.36]
["2\" EMT 90 ELBOW",10.755000000000001]
["2-1/2\" EMT 90 ELBOW",0]
["1/2\" LT 90 FLEX ELBOW",3.7530999999999999]
["3/4\" LT 90 FLEX ELBOW",6.06]
["1\" LT 90 FLEX ELBOW",11.48]
["1-1/4\" LT 90 FLEX ELBOW",14.766]
["1-1/2\" LT 90 FLEX ELBOW",20.486699999999999]
["2\" LT 90 FLEX ELBOW",30.89]
["3/8\" FLEX 90 CONNECTOR ELBOW",0]
["1/2\" FLEX 90 CONNECTOR ELBOW",2.0038]
["3/4\" FLEX 90 CONNECTOR ELBOW",0]
["1\" FLEX 90 CONNECTOR ELBOW",0]
["1-1/4\" FLEX 90 CONNECTOR ELBOW",2.2999999999999998]
["1/2\" PVC 90 SWP/PULLING ELBOW",0.91]
["3/4\" PVC 90 SWP/PULLING ELBOW",1.0900000000000001]
["1\" PVC 90 SWP/PULLING ELBOW",1.27]
["1-1/4\" PVC90 SWP/PULLING ELBOW",17.54]
["1-1/2\" PVC90 SWP/PULLING ELBOW",3.0550000000000002]
["2\" PVC 90 SWP/PULLING ELBOW",4.1900000000000004]
["2-1/2\" PVC 90 SWP/PULLING ELBO",10.8]
["3\" PVC 90 SWP/PULLING ELBOW",0]
["1/2\" PVC 45 ELBOW",0]
["3/4\" PVC 45 ELBOW",0]
["1\" PVC 45 ELBOW",0]
["1-1/4\" PVC 45 ELBOW",0]
["1-1/2\" PVC 45 ELBOW",0]
["2\" PVC 45 ELBOW",3.66]
["2-1/2\" PVC 45 ELBOW",7.1]
["3\" PVC 45 ELBOW",0]
["1/2\" LT 45 CONNECTOR ELBOW",0]
["3/4\" LT 45 CONNECTOR ELBOW",0]
["1\" LT 45 CONNECTOR ELBOW",0]
["1-1/4\" LT 45 CONNECTOR ELBOW",0]
["3E2A ELECTRODE HOLDER",0]
["3E3A ELECTRODE HOLDER",0]
["3E4A ELECTRODE HOLDER",0]
["3E5A ELECTRODE PROBES",0]
["3W1 ELECTRODE PROBES",0]
["1/4\" 3Z1B ELECTRODE PROBE ADAP",0]
["EXHAUST FAN",112.38]
["FUSE BLOCK, 600V MIDGET",6.2332999999999998]
["FUSE CLIP",26.975000000000001]
["250V 2 AMP FUSE",0]
["250V 5 AMP FUSE",0]
["250V 10 AMP FUSE",0]
["250V 15 AMP FUSE",4.4660000000000002]
["250V 20 AMP FUSE",1.675]
["250V 30 AMP FUSE",4.4589999999999996]
["250V 40 AMP FUSE",6.6349999999999998]
["250V 50 AMP FUSE",0]
["250V 60 AMP FUSE",0]
["250V 70 AMP FUSE",0]
["250V 80 AMP FUSE",0]
["250V 90 AMP FUSE",0]
["250V 100 AMP FUSE",23.2]
["250V 150 AMP FUSE",0]
["250V 200 AMP FUSE",53.573300000000003]
["30 AMP MIDGET FUSE",0]
["600V 5 AMP FUSE",0]
["600V 15 AMP OR 20 AMP FUSE",4.1100000000000003]
["600V 15 AMP MIDGET FUSE",14.1867]
["600V 20 AMP FUSE",11.99]
["600V 30 AMP FUSE",15.0076]
["600V 40 AMP FUSE",0]
["600V 50 AMP FUSE",0]
["600V 60 AMP FUSE",25.2133]
["600V 70 AMP FUSE",50.82]
["600V 80 AMP FUSE",0]
["600V 100 AMP FUSE",58.253300000000003]
["600V 125 AMP FUSE",116.64]
["600V 150 AMP FUSE",0]
["600V 175 AMP FUSE",0]
["600V 200 AMP FUSE",104.15560000000001]
["FUSE REDUCER, ANY",16.11]
["PILOT FUSE KIT",0]
["1/2 - 1 1/4 GROUND CLAMP",2.2349999999999999]
[" 1 1/4 - 2 GROUND CLAMP",5.01]
["2 1/2 - 4 GROUND CLAMP",28.327000000000002]
["ACORN GROUND CLAMP",2.2349999999999999]
["250 GROUND LUGS",3.79]
["#2 GROUND LUGS",0.99199999999999999]
["#4 GROUND LUGS",14.515000000000001]
["2COND GROUND LUGS",2.665]
["3COND GROUND LUGS",17.109000000000002]
["#6 GROUND LUGS",0.92669999999999997]
["12x12 GROUND PLATE W/CLAMP",30.6]
["5/8 x 8 GROUND ROD",9.7100000000000009]
["4 X 4 90 GUTTER ELBOW",0]
["6 X 6 90 GUTTER ELBOW",0]
["8 X 8 90 GUTTER ELBOW",0]
["4 X 4 GUTTER END",4.7]
["6 X 6 GUTTER END",7.2576000000000001]
["8 X 8 GUTTER END",0]
["4 X 4 X 24 GUTTER",21.07]
["4 X 4 X 36 GUTTER",31.9]
["4 X 4 X 48 GUTTER",38.380000000000003]
["6 X 6 X 24 GUTTER",0]
["6 X 6 X 36 GUTTER",46.115000000000002]
["6 X 6 X 48 GUTTER",63.015000000000001]
["8 X 8 X 24 GUTTER",0]
["8 X 8 X 48 GUTTER",0]
["8 X 8 X 60 GUTTER",0]
["4\" GUTTER COUPLING",0]
["6\" GUTTER COUPLING",7.08]
["8\" GUTTER COUPLING",0]
["HEATER SURFACE ENCLOSURE",16.239999999999998]
["HEATER, 750-1500W FORCED AIR",93.86]
["OVERLOAD HEATER PACKS",74.58]
["THERMOSTAT, 22AMP WALL MOUNT",11.48]
["THERMOSTAT, HTR MOUNT",9.52]
["2\" HUB",8.5299999999999994]
["2\" HUB COVER CLOSING PLATE",5.77]
["IMPLULSE COUNTER 110V",0]
["INDICATOR LABEL HOA",0]
["INDICATOR LENS COVER",0]
["PILOT INDICATOR LIGHT",9.15]
["PORCELAIN LIGHT FIXTURE",2.8117000000000001]
["INDICATOR LIGHTS NEON -Various",6.78]
["120V LIQ LVL CONTROLLER #16DM",0]
["220V LIQUID LEVEL CONTROLLER",0]
["460V LIQUID LEVEL CONTROLLER",0]
["1/2\" LOCKNUT",0.19]
["3/4\" LOCKNUT",0.23499999999999999]
["1\" LOCKNUT",0.2858]
["1-1/4\" LOCKNUT",0]
["1-1/2\" LOCKNUT",0.4667]
["2\" LOCKNUT",0.57620000000000005]
["2-1/2\" LOCKNUT",1.3795999999999999]
["3\" LOCKNUT",1.2649999999999999]
["4\" LOCKNUT",0]
["1/2\" BONDING LOCKNUT",1.1825000000000001]
["3/4\" BONDING LOCKNUT",0]
["1\" BONDING LOCKNUT",0]
["2-1/4\" BONDING LOCKNUT",0]
["1-1/2\" BONDING LOCKNUT",0]
["2\" BONDING LOCKNUT",4.8150000000000004]
["2-1/2\" BONDING LOCKNUT",8.9774999999999991]
["1\" SEALING LOCKNUT",1.94]
["1-1/4\" SEALING LOCKNUT",0]
["1-1/2\" SEALING LOCKNUT",0]
["2\" SEALING LOCKNUT",15.625]
["METER BASE 125AMP 1 PH",0]
["METER BASE, 600V 200AMP 3PH",327.33999999999997]
["METER SOCKET, 200AMP 1PH",130.1]
["240V 3 PH SPDT PHASE MONITOR",65.62]
["480V 3PH DPDT TUBPHASE MONITOR",94.94]
["480V 3PH SPDT TUBPHASE MONITOR",71.599999999999994]
["200AMP NEUTRAL KIT",125.4]
["100AMP NEUTRAL KIT",66.180000000000007]
["1/2\" OFFSET NIPPLE",1.9219999999999999]
["3/4\" OFFSET NIPPLE",1.514]
["1\" OFFSET NIPPLE",3.08]
["1-1/4\" OFFSET NIPPLE",4.7030000000000003]
["1-1/2\" OFFSET NIPPLE",3.6779999999999999]
["2\" OFFSET NIPPLE",5.5090000000000003]
["2-1/2\" OFFSET NIPPLE",0]
["1/2\" CHASE NIPPLE",0]
["3/4\" CHASE NIPPLE",0]
["1\" CHASE NIPPLE",0]
["1-1/2\" CHASE NIPPLE",0]
["8/10 SPACE 125A 1PH PNL w/CVR",0]
["30/32 SPACE 200A 3PH PNL w/CVR",0]
["12/16 SPACE 125A 1PH PNL w/CVR",183.57]
["30/32 SPACE 200A 1PH PNL w/CVR",0]
["3PH SIZE 1 PUMP PANEL",0]
["3PH SIZE 2 PUMP PANEL",0]
["3PH SIZE 3 PUMP PANEL",0]
["200A SEIMENS NEUTRAL KIT PANEL",0]
["12 SPACE TRANSFER PANEL",19.010000000000002]
["8 SPACE TRANSFER PANEL",0]
["LT KO SEAL PLUG - Any Size",4.3582999999999998]
["1\" RECESSED THREADED PLUG",0]
["1-1/4\" RECESSED THREADED PLUG",0]
["1-1/2\" RECESSED THREADED PLUG",0]
["2\" RECESSED THREADED PLUG",0]
["1/2\" SNAP & SEAL PLUG",0.879]
["3/4\" SNAP & SEAL PLUG",1.0209999999999999]
["1\" SNAP & SEAL PLUG",1.79]
["1-1/4\" SNAP & SEAL PLUG",1.8129999999999999]
["1-1/2\" SNAP & SEAL PLUG",2.9020000000000001]
["2\" SNAP & SEAL PLUG",3.6419999999999999]
["2-1/2\" SNAP & SEAL PLUG",5.0246000000000004]
["PUSH BUTTON, RED",16.914999999999999]
["GFCI OUTLET RECEPTICAL",27.56]
["PLUG-IN OUTLET RECEPTICAL",6.49]
["1.5-5HP 230V START RELAY 4\"MTR",59.25]
["5-7.5HP 230V START RELAY 6\"MTR",59.25]
["8 PIN RELAY SOCKET BASE",11.2]
["11 PIN RELAY SOCKET BASE",11.8]
["4 PIN RELAY SOCKET BASE",0]
["110V/220V ALTERNATING RELAY",82.212000000000003]
["12V 8PIN DPDT CONTROL RELAY",6.83]
["24V 8PIN DPDT CONTROL RELAY",0]
["120V 8PIN SPDT CONTROL RELAY",43.2]
["120V 8PIN DPDT  CONTROL RELAY",87.77]
["240V 8PIN DPDT CONTROL RELAY",13.0825]
["24V 11PIN 3PDT  CONTROL RELAY",21.2]
["120V 11PIN 3PDT  CONTROL RELAY",15.2075]
["240V 11PIN 3PDT  CONTROL RELAY",15.21]
["110V TUB 8PIN TIME DELAY RELAY",86.97]
["240V 11PIN TIME DELAY RELAY",98.1233]
["11PIN DPDT FROST RELAY",0]
["8PIN SPDT FROST RELAY #ERAA3A1",0]
["2\"PVC SVC ENTRANCE CAP",0]
["1/2\" METAL CONDUIT BODY ANY TY",3.5575000000000001]
["3/4\" METAL CONDUIT BODY ANY TY",0]
["1\" METAL CONDUIT BODY ANY TYPE",0]
["1-1/4\" METAL CONDUIT BODY ANY",0]
["1-1/2\" METAL CONDUIT BODY ANY",0]
["2\" METAL CONDUIT BODY ANY TYPE",0]
["2-1/2\" METAL CONDUIT BODY ANY",0]
["1/2\" PVC CONDUIT BODY ANY TYPE",3.5567000000000002]
["3/4\" PVC CONDUIT BODY ANY TYPE",3.7574999999999998]
["1\" PVC CONDUIT BODY ANY TYPE",3.58]
["1-1/4\" PVC CONDUIT BODY ANY TY",6.3682999999999996]
["1-1/2\" PVC CONDUIT BODY ANY TY",6.29]
["2\" PVC CONDUIT BODY ANY TYPE",27.3]
["2-1/2\" PVC CONDUIT BODY ANY TY",42.84]
["4\" PVC CONDUIT BODY ANY TYPE",0]
["#14-#2 4-HOLE SPLICE BLOCK",14.516]
["2x4 SWITCH COVER",0.39500000000000002]
["2x4 STEEL HANDYBOX CVR, ANY",0.67]
["4x4 STEEL HANDYBOX CVR, ANY",5]
["2x4 HANDYBOX BUBBLE COVER",8.3949999999999996]
["2x2x4 HANDYBOX",2.19]
["4x4x2 SQUARE HANDYBOX",1.82]
["4x4x2 OCTAGON HANDYBOX",1.3825000000000001]
["4x4x4 W/DX HANDYBOX",9.3800000000000008]
["4x4 HANDYBOX BUBBLE COVER",0]
["2x4 RT BELLBOX SPLICE CAN",4.3600000000000003]
["12x12x6 SPLICE CAN SVC CVR",93.42]
["12x16x6 SPLICE CAN SVC CVR",0]
["5x5x2 INDOOR SPLICE CAN",0]
["6x6x4 INDOOR SPLICE CAN",22.564800000000002]
["6x6x6 INDOOR SPLICE CAN",19.059999999999999]
["8x8x4 INDOOR SPLICE CAN",15.975]
["8x8x6 INDOOR SPLICE CAN",18.97]
["10x10x4 INDOOR SPLICE CAN",21.015000000000001]
["12x12x4 INDOOR SPLICE CAN",26.7]
["12x16x6 INDOOR SPLICE CAN",10.635]
["16x16x4 INDOOR SPLICE CAN",0]
["16x16x6 INDOOR SPLICE CAN",46.77]
["18x18x6 INDOOR SPLICE CAN",0]
["24x24x4 INDOOR SPLICE CAN",260.72000000000003]
["6x6x4 RT SPLICE CAN",12.1248]
["6x6x6 RT SPLICE CAN",0]
["8x8x4 RT SPLICE CAN",16.617599999999999]
["8x8x6 RT SPLICE CAN",0]
["12x12x4 RT SPLICE CAN",0]
["20x16x8 RT SPLICE CAN",0]
["24x36x8 RT SPLICE CAN",0]
["30x36x12 RT SPLICE CAN",0]
["10-16 AWG DIRECT BURY SPLICE K",2.44]
["SIZE 0 STARTER",206.91]
["SIZE 1 STARTER",244.36]
["SIZE 1-1/2 STARTER",0]
["SIZE 1-3/4 STARTER",400]
["SIZE 2 STARTER",473.15]
["SIZE 2-1/2 STARTER",1065.9000000000001]
["SIZE 3 STARTER",933.33]
["115/230 NO/NC FLOAT SWITCH-STD",76.5]
["NO/NC MERCURY FLOAT SWITCH",47.643300000000004]
["AIR VOL FLOAT CONTROL SWITCH",0]
["230VFLOAT SWITCH",69.569999999999993]
["N/O - N/C FLOW SWITCH",0]
["HEAVY DUTY FLOW SWITCH",0]
["SEALED FLOW SWITCH",0]
["ASG11 PRESSURE SWITCH",0]
["FSG2 PRESSURE SWITCH",37.32]
["GSG2/GHG2/GNG5  PRESS SWITCH",139.15]
["MERCOID PRESSURE SWITCH",0]
["BARKSDALE PRESSURE SWITCH",0]
["HOA SELECTOR SWITCH",83.6]
["HOA STARTER SEL SWITCH KIT",81.03]
["120V 7DAY TIMER SWITCH",137.49]
["24 HOUR TIMER SWITCH",32.64]
["PROGRAMMABLE TIME CTRL SWITCH",0]
["3 POSITION TOGGLE SWITCH",15.8925]
["TOGGLE SWITCH LOCK COVER",0]
["DPDT TOGGLE SWITCH",9.98]
["LIGHT TOGGLE SWITCH",2.9558]
["100AMP 1PH MTS TRNSFR SWITCH",0]
["100AMP 600V 3PH MTS TSFR SW",0]
["200AMP 3PH MTS TRNSFR SWITCH",2042.9]
["1/2\" PULLING TEE",0]
["3/4\"PULLING TEE",0]
["1\"PULLING TEE",0]
["1-1/2\"PULLING TEE",0]
["1/2\" MALE/FEM PVC TERM ADPTR",0.2046]
["3/4\" MALE/FEM PVC TERM ADPTR",0.36]
["1\" MALE/FEM PVC TERM ADPTR",0.56999999999999995]
["1-1/4\" MALE/FEM PVC TERM ADPTR",0.60250000000000004]
["1-1/2\" MALE/FEM PVC TERM ADPTR",0.67749999999999999]
["2\" MALE/FEM PVC TERM ADPTR",0.99670000000000003]
["2-1/2\" MALE/FEM PVC TERM ADPTR",1.655]
["3\" MALE/FEM PVC TERM ADPTR",2.4300000000000002]
["4\" MALE/FEM PVC TERM ADPTR",0]
["REMOTE BULB THERMOSTAT",0]
["110V ERT, 24 HOUR TIMER",22.4]
["120V TRANSFORMER",0]
["240V 1PH TRANSFORMER",0]
["24VTRANSFORMER (Sight Glass Co",18.145]
["5 KVA TRANSFORMER",0]
["7.5kw TRANSFORMER",378.71]
["1-1/2\" SUPER STRUT CHANNEL",2.2082000000000002]
["7/8\" UNI STRUT CHANNEL",1.887]
["1/2\" UNI STRUT STRAP",0.86499999999999999]
["3/4\" UNI STRUT STRAP",0.98950000000000005]
["1\" UNI STRUT STRAP",1.0617000000000001]
["1-1/4\" UNI STRUT STRAP",1.0232000000000001]
["1-1/2\" UNI STRUT STRAP",1.4267000000000001]
["2\" UNI STRUT STRAP",1.4787999999999999]
["2-1/2\" UNI STRUT STRAP",1.7233000000000001]
["3\" UNI STRUT STRAP",1.7883]
["4\" UNI STRUT STRAP",2.2400000000000002]
["6\" UNI STRUT STRAP",7.3259999999999996]
["2 HOLE UNISTRUT 90 ELL BRACKET",4.0475000000000003]
["1/4\" UNI STRUT NUT",1.5]
["3/8\" UNI STRUT NUT",1.5636000000000001]
["#2 4-WIRE HTSHRINK SPLICEKIT",12.44]
["#4 4-WIRE HTSHRINK SPLICEKIT",9.3658000000000001]
["#6 4-WIRE HTSHRINK SPLICEKIT",6.88]
["#8 4-WIRE HTSHRINK SPLICEKIT",4.03]
["#10 - #14 4-WIRE HTSHRINK SPLI",2.17]
["#6 LINE TAPE",0]
["5or6 PAIR TELEPHONE CABLE WIRE",2.3079000000000001]
["6/3 UF TRAY CABLE WIRE",0]
["#1 USE, XHHW WIRE",0]
["#2 USE, XHHW ALUMINUM WIRE",0.34460000000000002]
["#4 USE, XHHW ALUMINUM WIRE",1.1039000000000001]
["#6 USE, XHHW ALUMINUM WIRE",0]
["1/0 USE, XHHW ALUMINUM WIRE",0]
["2/0 USE, XHHW ALUMINUM WIRE",0.498]
["4/0-2/0-2/0 USE-XHHW ALUM WIRE",2.3713000000000002]
["4/0 USE, XHHW ALUMINUM WIRE",0]
["4/0-4/0-2/0 USE-XHHW ALUM WIRE",2.3713000000000002]
["#2 BARE COPPER GRD  WIRE",0]
["#4 BARE COPPER GRD  WIRE",0.4884]
["#6 BARE COPPER GRD  WIRE",0.66200000000000003]
["#8 BARE COPPER GRD  WIRE",0]
["#1 THHN COPPER WIRE",0.68]
["#2 THHN COPPER WIRE",0.82620000000000005]
["#3 THHN COPPER WIRE",0.81030000000000002]
["#4 THHN COPPER WIRE",0.68100000000000005]
["#6 THHN COPPER WIRE",0.43259999999999998]
["#8 THHN COPPER WIRE",0.22120000000000001]
["#10 THHN COPPER WIRE",0.15210000000000001]
["#12 THHN STRANDED COPPER WIRE",9.2700000000000005E-2]
["#14 THHN STRANDED COPPER WIRE",8.3299999999999999E-2]
["#16 THHN STRANDED COPPER WIRE",0]
["#18 THHN STRANDED COPPER WIRE",8.5500000000000007E-2]
["#1/0 THHN COPPER WIRE",1.5445]
["#2/0 THHN COPPER WIRE",2.0154000000000001]
["#3/0 THHN COPPER WIRE",2.0524]
["#4/0 THHN COPPER WIRE",2.0665]
["#4 USE COPPER WIRE",1.0274000000000001]
["12/2 NM ROMAX WIRE",0.3624]
["12/3 NM ROMAX WIRE",0.73499999999999999]
["14/2 NM ROMAX WIRE",0]
["14/3 NM ROMAX WIRE",0]
["6/4 SO CABLE WIRE - SO Cord",0]
["8/4 SO CABLE WIRE - SO Cord",0]
["12/3 SO CABLE WIRE - SO Cord",0]
["14/2 SO CABLE WIRE - SO Cord",0.99]
["#10 SOLID COPPER WIRE",0]
["#12 SOLID COPPER WIRE",0]
["#14 SOLID COPPER WIRE",8.8400000000000006E-2]
["#2-4 FLAT JACKET SUBCABLE",0]
["#4- 4 FLAT JACKET SUBCABLE",3.03]
["#6-4 FLAT JACKET SUBCABLE",2.41]
["#8-4 FLAT JACKET SUBCABLE",1.49]
["#10-4 FLAT JACKET SUBCABLE",1.01]
["#12-4 FLAT JACKET SUBCABLE",0.73]
["#8/2 UF WIRE",0]
["#8/3 UF WIRE",0]
["#10/2 UF WIRE",0]
["#10/3 UF WIRE",0]
["#12/2 UF WIRE",0.30030000000000001]
["#12/3 UF WIRE",0]
["#14/2 UF WIRE",0.26800000000000002]
["#14/3 UF WIRE",0]
["LOCATOR WIRE, # 14",7.6499999999999999E-2]
["1\" X 3/4\" PJ x FIPT POLY ADAPT",26.72]
["1\" PJ x FIPT POLY ADAPTOR-NO L",25.39]
["1-1/4\" PJ x FIPT POLY ADAPTOR",34.15]
["1-1/2\" PJ x FIPT POLY ADAPTOR-",60.62]
["2\" PJ x FIPT POLY ADAPTOR-NO L",95.73]
["1\" X 3/4\" PJ x MIPT POLY ADAPT",36.54]
["1\" PJ x  MIPT POLY ADAPTOR-NO",31.02]
["1-1/4\" PJ x MIPT POLY ADAPTOR-",45.7]
["1-1/2\" PJ x MIPT POLY ADAPTOR",67.900000000000006]
["2\" PJ x MIPT POLY ADAPTOR-NO L",105.52]
["1/2\" INSxTH POLY ADAPT (galv)",1.3]
["3/4\" INSxTH POLY ADAPT (galv)",1.05]
["1\" INSxTH POLY ADAPTOR (galv)",1.83]
["1-1/4\" INSxTH POLY ADAPT (galv",2.23]
["1-1/2\" INSxTH POLY ADAPT (galv",3.22]
["2\" INSxTH POLY ADAPTOR (galv)",3.97]
["2-1/2\" INSxTH POLY ADAPT (galv",0]
["1\" X 3/4\" INSxTH POLY ADAPTOR",2.73]
["1/2\" PJ x PJ POLY COUPLING-NO",0]
["3/4\"\" PJ x PJ POLY COUPLING-NO",0]
["1\" PJ x PJ POLY COUPLING-NO LE",46.57]
["1-1/4\" PJ x PJ POLY COUPLING-N",60.63]
["1-1/2\" PJ x PJ POLY COUPLING",95.34]
["2\" PJ x PJ POLY COUPLING-NO LE",0]
["1/2\" INSxINS POLY CPLG (galv)",0.89]
["3/4\"\" INSxINS POLY CPLG (galv)",1.0900000000000001]
["1\" INSxINS POLY CPLG (galv)",1.39]
["1-1/4\" INSxINS POLY CPLG (galv",2.4]
["1-1/2\" INSxINS POLY CPLG (galv",2.92]
["2\" INSxINS POLY CPLG (galv)",4.0599999999999996]
["STAINLESS STEEL HOSE CLAMPS",5.05]
["HYDRANT GUARD POST",0]
["1 FOOT HYDRANT EXTENSION",529.78]
["1.5 FOOT HYDRANT EXTENSION",0]
["2 FOOT HYDRANT EXTENSION",0]
["6\" MJ HYDRANT",2099.87]
["4\" HYDRANT STORZ ADPTR w/CAP",138]
["5\" HYDRANT STORZ ADPTR w/CAP",145]
["2\" YARD BURY HYDRANT",0]
["3/4\" YARD BURY HYDRANT",0]
["3/4\" CTS POLY PIPE",0.22]
["2\" CL 200 POLY PIPE",2.09]
["1-1-2\" CL 200 POLY PIPE",1.49]
["1-1/4\" CL 200 POLY PIPE",0.94]
["1\" CL 200 POLY PIPE",0.64]
["34 GALLON PRESSURE TANK",477.5]
["1/2\" POLY STIFFENER",1.43]
["3/4\" POLY STIFFENER",1.46]
["1\" POLY STIFFENER",2.14]
["1-1/4\" POLY STIFFENER",2.89]
["1-1/2\" POLY STIFFENER",3]
["2\" POLY STIFFENER",3.48]
["3/8\" OD PE TUBING",0.32]
["1\" NYLON BRAID PE TUBING 1\"OD",2.86]
["1/4\" SOFT COPPER TUBING",2.4258000000000002]
["3/8\" SOFT COPPER TUBING",0.97499999999999998]
["5/8\" SOFT COPPER TUBING",0]
["VALVE BOX BOTTOM CI",23]
["8\" VALVE BOX TOP w/LID",26.1]
["12\" VALVE BOX RISER INS/EXT TO",27.56]
["18\" VALVE BOX RISER w/LID",35.75]
["VALVE BOX LID ONLY",10.54]
["5x5 DBL HUB SOIL PIPE",61]
["CONCRETE VALVE BOX MARKER",23.68]
["910 VALVE BOX LID - SW",12.13]
["910 VALVE BOX RISER - 10\" SW",42]
["CHEMFEED PUMP STENNER 85MHP17",0]
["STENNER 85MHP 17 CHEM PUMP",0]
["STENNER REPLACEMENT HEAD",0]
["WEIGHTED SUCTION LINE STRAINER",0]
["1/2\" PVC INJECTION QUILL",0]
["QUICKPRO ROLLER ASSEMBLY",0]
["LMI 4FV FTG ASM, PVC (RPLC FIT",0]
["CHEM PUMP #E LPA3 / VHC1",0]
["STENNER 45MHP 10 CHEM PUMP",0]
["CHEMICAL TANK, 30 GALLON",147.19999999999999]
["RESERVOIR HATCH",0]
["COMPRESSOR HEAD",0]
["COMPRESSOR, 2HP (1.2 or 1.8hp)",0]
["1 1/2HP STANDARD CONTROL BOX",70]
["2HP STANDARD CONTROL BOX",118.58]
["3HP STANDARD CONTROL BOX",159]
["5HP STANDARD CONTROL BOX",258.24]
["7.5HP STANDARD CONTROL BOX",309]
["2HP DELUXE CONTROL BOX",245]
["3HP DELUXE CONTROL BOX",240.85]
["5HP DELUXE CONTROL BOX",258.75]
["7.5HP DELUXE CONTROL BOX",365.5]
["10HP DELUXE CONTROL BOX",528.5]
["S04757 - 4 HOLE GASKET, 6-5/8\"",10.65]
["S05126 - 8 HOLE GASKET, 9-1/8\"",13]
["1.5HP 4\"1PH  230V SUB MTR",352]
["3HP 4\" 1PH 230V SUB MTR",711.9]
["3HP 4\" 3PH 230V SUB MTR",325.22000000000003]
["5HP 4\" 1PH 230V SUB MTR",629.76]
["5HP 4\" 3PH 230or460V SUB MTR",721.8]
["7.5HP 6\" 1PH 230V SUB MTR",1093.52]
["7.5HP 4\" 3PH 230or460V SUB MTR",859.5]
["7.5HP 6\" 3PH 230or460V SUB MTR",1079.68]
["10HP 4\" 3PH 230or460V SUB MTR",0]
["10HP 6\" 1PH 230V SUB MTR",1360.8]
["10HP 6\" 3PH 230or460V SUB MTR",1255.9000000000001]
["1 1/2HP 40S15-5 GF 4\" SUB PUMP",0]
["3HP 40S30-9 GF 4\" SUB PUMP",443.84]
["3HP 25S30-15 GF 4\" SUB PUMP",451.87]
["5HP 40S50-15 GF 4\" SUB PUMP",646.04999999999995]
["7.5HP 40S75-21 GF 4\" SUB PUMP",1064.95]
["7.5HP 40S75-21 GF 4\" SUB PUMP",0]
["7.5HP 40S75-25 GF 4\" SUB PUMP",0]
["7.5HP 40S75-25 GF 4\" SUB PUMP",1564.03]
["7.5HP 75S75-11 GF 4\" SUB PUMP",1282.98]
["7.5HP 75S75-12 GF 4\" SUB PUMP",1176.03]
["7.5HP 85S75-6 GF 6\" SUB PUMP",1383.68]
["10HP 85S100-9 GF 6\" SUB PUMP",1774.13]
["15HP 225S150-6 GF 6\" SUB PUMP",0]
["7.5HP 3/6/230-460 DPPE 65ST GO",0]
["5/8\" PUMP SEAL S08019",14.7]
["1\" PUMP SEAL",28.4]
["S32014 - 1-1/4\" MECH PUMP SEAL",100]
["2-1/2\" WELDED WYE",647]
["CENTRIFICAL START SWITCH",28.75]
["0-15# PR GAUGE 2\"DIAL",21.36]
["0-100# PR GAUGE 2\"DIAL",13.65]
["0-160#or 200# PR GAUGE 2\"DIAL",13.85]
["0-100# PR GAUGE 2-1/2\"DIAL",34.44]
["0-160#or 200# GAUGE 2-1/2\"DIAL",34.44]
["LIQ FILLED PR GAUGE 2-1/2\"DIAL",22.43]
["0-100# PR GAUGE 3\" IAL",0]
["HUBBLE - LB3N INSULATED ENCLOS",0]
["RUBBERMAID 18CF ENCLOSURE",159.99]
["RUBBERMAID 32CF ENCLOSURE",239]
["1\" SCH 80 SOUNDING TUBE",1.84]
["1\" SCH 80 END PLUG T/BOX",0]
["1\" SCH 80 SLOTTED SNDG TUBE",3.3]
["6\"x 1\" SPIDER",6.9132999999999996]
["6\"x 1-1/4\" SPIDER",0]
["6\"x 1-1/2\" SPIDER",7.96]
["6\"x 2\" SPIDER",8.5]
["6\"x 2 1/2\" SPIDER",8.39]
["8\"x 1\" SPIDER",0]
["8\"x 1-1/4\" SPIDER",0]
["8\"x 2\" SPIDER",5.99]
["8\"x 1-1/2\" SPIDER",12.25]
["8\"x 2-1/2\" SPIDER",10.33]
["8\"x 3\" SPIDER",6.3678999999999997]
["8\"x 4\" SPIDER",0]
["10\"x 3\" SPIDER",0]
["10\"x 4\" SPIDER",0]
["12\"x 3\" SPIDER",45.29]
["3M PRINTED TAPE, 2x100 ROLL",23.8]
["6\" WELL CAP",41.84]
[" 6 X 1 WELL SEAL",22.8]
["6 X 1 1/2 WELL SEAL",27.07]
["6 X 2 WELL SEAL",24.69]
["6 X 3 WELL SEAL",0]
["8 X 1 WELL SEAL",0]
["8 X 2 WELL SEAL",42.85]
["8 X 4 WELL SEAL",90.07]
["10 X 3 WELL SEAL",0]
["1/2\" WELL VENT, BEEHIVE STRNR",13.8]
["3/4\" WELL VENT, BEEHIVE STRNR",15.54]
["1\" WELL VENT, BEEHIVE STRNR",19.38]
["1-1/4\" WELL VENT, BEEHIVE STRN",0]
["1-1/2\" WELL VENT, BEEHIVE STRN",24.75]
["2\" WELL VENT, BEEHIVE STRNR",59.174999999999997]
["1\" WELL VENT CAP",0]
["1-1/2\" WELL VENT CAP",0]
["3/4\" FIPTxCTS PJ 3/4\" or 1\"  A",16.12]
["3/4\" MIPTxCTS PJ 3/4\" or 1\"  A",16.739999999999998]
["MIPT 1\"xCTS 1\" ADPTR",21.88]
["1/4\" BRASS BUSHING",0]
["1/2\" BRASS BUSHING",1.97]
["3/4\" BRASS BUSHING",2.23]
["1\" BRASS BUSHING",3.37]
["1-1/4\" BRASS BUSHING",5.16]
["1-1/2\" BRASS BUSHING",8.98]
["2\" BRASS BUSHING",11.73]
["1/2\" BRASS BELL REDUCER NL",0]
["3/4\" BRASS BELL REDUCER NL",3.87]
["1\" BRASS BELL REDUCER",6.73]
["1-1/4\" BRASS BELL REDUCER",8.99]
["2\" BRASS BELL REDUCER NL",0]
["2-1/2\" BRASS BELL REDUCER",20.41]
["1/2\" BRASS CAP NL",1.95]
["3/4\" BRASS CAP NL",2.58]
["1\" BRASS CAP NL",4.03]
["1 1/4\" BRASS CAP NL",6.13]
["1 1/2\" BRASS CAP NL",8.27]
["2\" BRASS CAP NL",12]
["1/2\" BRASS COUPLING",2.56]
["3/4\" BRASS COUPLING",3.23]
["1\" BRASS COUPLING NL",4.9000000000000004]
["1-1/4\" BRASS COUPLING - NL",7.65]
["1-1/2\" BRASS COUPLING",10.39]
["2\" BRASS COUPLING",16.04]
["3/4\" PJ x PJ CU COUPLING",0]
["1\" PJ x PJ CU COUPLING",0]
["3/8\" x 1/4\" COMP MIP CONNECTOR",6.7]
["5/8\" x 1/2\" COMP MIP CONNECTOR",0]
["3/8 x 1/4 COMP MIP ELBOW CONN",3.7989999999999999]
["1/2\" BRASS 45 ELBOW",0]
["3/4\" BRASS 45 ELBOW",4.17]
["1\" BRASS 45 ELBOW",7.03]
["1-1/4\" BRASS 45 ELBOW NL",11.24]
["1-1/2\" BRASS 45 ELBOW NL",14.09]
["2\" BRASS 45 ELBOW NL",22.84]
["1/2\" BRASS 90 ELBOW",0]
["3/4\" BRASS 90 ELBOW",3.99]
["1\" 90 BRASS ELBOW",6.42]
["1-1/4\" BRASS 90 ELBOW",10.220000000000001]
["1-1/2\"  BRASS 90 ELBOW",13.56]
["2\"  BRASS 90 ELBOW",20.76]
["1/2\" BRASS STREET 90 ELBOW",3.85]
["3/4\" BRASS STREET  90 ELBOW",5.42]
["1\" BRASS STREET  90 ELBOW",8.59]
["1-1/4\" BRASS STREET  90 ELBOW",12.28]
["1-1/2\" BRASS STREET  90 ELBOW",17.899999999999999]
["2\" BRASS STREET  90 ELBOW",30.34]
["1\" BRASS RED 90 ELBOW",5.98]
["1/4\" x CL\" BRASS NIPPLE",0]
["1/4\" x 2\" BRASS NIPPLE",0]
["1/4\" x 3\" BRASS NIPPLE",0]
["3/8\" x CLOSE BRASS NIPPLE",0]
["3/8\" x 2-1/2\" BRASS NIPPLE",0]
["1/2\" x CL BRASS NIPPLE",0]
["1/2\" x 3\" BRASS NIPPLE",0]
["1/2\" x 6\" BRASS NIPPLE",0]
["3/4\" x CL BRASS NIPPLE",1.66]
["3/4\" x 1 1/2\" BRASS NIPPLE",1.7]
["3/4\" x 2\" BRASS NIPPLE",2]
["3/4\" x 2 1/2\" BRASS NIPPLE",2.13]
["3/4\" x 3\" BRASS NIPPLE",2.81]
["3/4\" x 3 1/2\" BRASS NIPPLE NL",0]
["3/4\" x 4\" BRASS NIPPLE",3.66]
["3/4\" x 4 1/2\" BRASS NIPPLE NL",0]
["3/4\" x 5\" BRASS NIPPLE",4.2]
["3/4\" x 5 1/2\" BRASS NIPPLE",4.8]
["3/4\" x 6\" BRASS NIPPLE",5.34]
["3/4\" x 8\" BRASS NIPPLE",6.74]
["3/4\" x 10\" BRASS NIPPLE NL",0]
["3/4\" x 12\" BRASS NIPPLE",9.7899999999999991]
["3/4\" x 18\" BRASS NIPPLE NL",16.12]
["1\" X CLOSE BRASS NIPPLE",2.4500000000000002]
["1\" x 2\" BRASS NIPPLE",3.02]
["1\" x 2 1/2\" BRASS NIPPLE",3.24]
["1\" x3\" BRASS NIPPLE",4.07]
["1\" x 3-1/2\" BRASS NIPPLE",4.3099999999999996]
["1\" x4\" BRASS NIPPLE",5.24]
["1\" x 4 1/2\" BRASS NIPPLE",5.65]
["1\" X 5\" BRASS NIPPLE NL",6.25]
["1\" X 5 1/2\" BRASS NIPPLE",6.84]
["1\" x 6\" BRASS NIPPLE",7.46]
["1\" x 8\" BRASS NIPPLE",10.4]
["1\" X 10\" BRASS NIPPLE",12.86]
["1\" x 12\" BRASS NIPPLE",15.34]
["1\" X 18\" BRASS NIPPLE NL",24.17]
["1-1/4\" x 4\" BRASS NIPPLE",7.45]
["1-1/4\" x 6\" BRASS NIPPLE",0]
["1-1/2\" x 3\" BRASS NIPPLE",0]
["1-1/2\" x 3-1/2\" BRASS NIPPLE",0]
["1-1/2\" x 12\" BRASS NIPPLE",0]
["2\" x CLOSE BRASS NIPPLE",7.25]
["2\" x 3\" BRASS NIPPLE",9.14]
["2\" x 4\" BRASS NIPPLE",19.3]
["2\" x 6\" BRASS NIPPLE",17.440000000000001]
["2\" x 12\" BRASS NIPPLE",0]
["2-1/2\" x 6\" BRASS NIPPLE",0]
["1/2\" BRASS PLUG",0]
["3/4\" BRASS PLUG",2.4300000000000002]
["1\" BRASS PLUG",3.08]
["1-1/4\" BRASS PLUG",0]
["3/4\" BRASS BULLHEAD TEE",11.26]
["1\" BRASS BULLHEAD TEE",11.39]
["1/4\" BRASS TEE",0]
["3/8\" BRASS TEE",9.58]
["1/2\" BRASS TEE",0]
["3/4\" BRASS TEE",5.12]
["1\" BRASS TEE",8.6999999999999993]
["1-1/2\" BRASS TEE",17.55]
["2\" BRASS TEE",23.26]
["1\" BRASS UNION",0]
["1/2\" BRASS UNION",7.84]
["3/4\" BRASS UNION",10.86]
["1-1/4\" BRASS UNION",21.08]
["1-1/2\" BRASS UNION",24.89]
["2\" BRASS UNION",38.31]
["2\" SPLIT FLANGE ADAPTOR",125.61]
["2-1/2\" SPLIT FLANGE ADAPTOR",168.57]
["3\" SPLIT FLANGE ADAPTOR",151.91]
["4\" SPLIT FLANGE ADAPTOR",254.86]
["6\" SPLIT FLANGE ADAPTOR",290.42329999999998]
["8\" SPLIT FLANGE ADAPTOR",278.755]
["10\" SPLIT FLANGE ADAPTOR",0]
["2\" GR x FIP ADAPTOR",58.01]
["2-1/2\" GR x FIP ADAPTOR",0]
["3\" GR x FIP ADAPTOR",0]
["4\" GR x FIP ADAPTOR",0]
["2\" GR CAP",0]
["2-1/2\" GR CAP",0]
["3\" GR CAP",31.68]
["4\" GR CAP",9.75]
["6\" GR CAP",78.650000000000006]
["8\" GR CAP",0]
["10\" GR CAP",0]
["1\" RIGID 0-FLEX COUPLING",0]
["2\" RIGID 0-FLEX COUPLING",31.5]
["2-1/2\" RIGID 0-FLEX COUPLING",36.31]
["3\" RIGID 0-FLEX COUPLING",34.61]
["4\" RIGID 0-FLEX COUPLING",57.89]
["6\" RIGID 0-FLEX COUPLING",82.36]
["8\" RIGID 0-FLEX COUPLING",154.68]
["10\" RIGID 0-FLEX COUPLING",0]
["1-1/4\" STANDARD FLEX COUPLING",0]
["2\" STANDARD FLEX COUPLING",0]
["2-1/2\" STANDARD FLEX COUPLING",0]
["4\" STANDARD FLEX COUPLING",0]
["6\" STANDARD FLEX COUPLING",0]
["8\" TRANS CPLG GRxIPS",0]
["10\" TRANS CPLG GRxIPS",0]
["2-1/2\" GR REDUCING COUPLING",0]
["4\" GR REDUCING COUPLING",0]
["6\" GR REDUCING COUPLING",0]
["6\" GR CROSS",568.35]
["2\"x _ GRx_OUTLET COUPLING",86.79]
["2-1/2\"x _ GRx_OUTLET COUPLING",110.7]
["3\"x _ GRx_OUTLET COUPLING",146.91999999999999]
["4\"x _ GRx_OUTLET COUPLING",215.38]
["6\"x _ GRx_OUTLET COUPLING",431.15]
["4\" GR 22-1/2 ELBOW",0]
["6\" GR 22-1/2 ELBOW",0]
["8\" GR 22-1/2 ELBOW",0]
["10\" GR 22-1/2 ELBOW",0]
["2\" GR 45 ELBOW",0]
["2-1/2\" GR 45 ELBOW",0]
["3\" GR 45 ELBOW",0]
["4\" GR 45 ELBOW",34.5]
["6\" GR 45 ELBOW",0]
["8\" GR 45 ELBOW",0]
["10\" GR 45 ELBOW",0]
["1-1/4\" GR 90 ELBOW",0]
["2\" GR 90 ELBOW",37.08]
["2-1/2\" GR 90 ELBOW",32.46]
["3\" GR 90 ELBOW",65.540000000000006]
["4\" GR 90 ELBOW",71.22]
["6\" GR 90 ELBOW",199.23]
["8\" GR 90 ELBOW",0]
["10\" GR 90 ELBOW",0]
["2\" GR x MIP ADAPTOR NIPPLE",0]
["2-1/2\" GR x MIP ADAPTOR NIPPLE",22.71]
["3\" GR x MIP ADAPTOR NIPPLE",0]
["4\" GR x MIP ADAPTOR NIPPLE",37.75]
["6\" GR x MIP ADAPTOR NIPPLE",0]
["2-1/2\" GR x GR NIPPLE",0]
["6\" GR x GR NIPPLE",512.72]
["2\" x GR x TH REDUCER CPLG",40.26]
["2-1/2\" x GR x TH REDUCER CPLG",0]
["3\" x GR x TH REDUCER CPLG",86.34]
["3\"x2-1/2\" GR x TH REDUCER CPLG",0]
["4\"x 2\" GR x TH REDUCER CPLG",46.5]
["4\"x2-1/2\" GR x TH REDUCER CPLG",0]
["4\"x 3\" GR x TH REDUCER CPLG",0]
["2\" GR CONCENTRIC REDUCER",0]
["2-1/2\" GR CONCENTRIC REDUCER",38.14]
["3\" GR CONCENTRIC REDUCER",0]
["4\" GR CONCENTRIC REDUCER",63.35]
["6\" GR CONCENTRIC REDUCER",93.784999999999997]
["8\" GR CONCENTRIC REDUCER",0]
["10\" GR CONCENTRIC REDUCER",0]
["4\" GR SWAGE END REDUCER",0]
["2\" GR TEE",0]
["2-1/2\" GR TEE",50.51]
["3\" GR TEE",56.63]
["4\" GR TEE",119.94]
["6\" GR TEE",231.81]
["8\" GR TEE",0]
["10\" GR TEE",0]
["4\" GR REDUCING TEE",106]
["6\" X 2\" GR REDUCING TEE",361.78570000000002]
["6\" X 3\" GR REDUCING TEE",338.83]
["6\" X 4\" GR REDUCING TEE",0]
["8\" X 2\" GR REDUCING TEE",575.86]
["8\" X 3\" GR REDUCING TEE",0]
["8\" X 4\" GR REDUCING TEE",705.63]
["8\" X 6\" GR REDUCING TEE",0]
["10\" X 4\" GR REDUCING TEE",0]
["10\" X 6\" GR REDUCING TEE",0]
["2\" RED GR TEE w/ MIP BRANCH",0]
["2-1/2\" RED GR TEE w/MIP BRANCH",49.58]
["3\" RED GR TEE w/ MIP BRANCH",0]
["4\" RED GR TEE w/ MIP BRANCH",152.28]
["4\" GR LATERAL 45 TEE",0]
["2\" GR INLINE CHECK VALVE",0]
["2-1/2\" GR INLINE CHECK VALVE",291.5]
["3\" GR INLINE CHECK VALVE",0]
["4\" GR INLINE CHECK VALVE",417.46]
["6\" GR INLINE CHECK VALVE",0]
["8\" GR INLINE CHECK VALVE",0]
["10\" GR INLINE CHECK VALVE",0]
["2\" GR LVR HNDL BALL VALVE",183.57]
["2-1/2\" GR LVR HNDL BALL VALVE",0]
["3\" GR LVR HNDL BALL VALVE",531]
["4\" GR LVR HNDL BALL VALVE",0]
["2\" GR BUTTERFLY VALVE",338.37]
["2-1/2\" GR BUTTERFLY VALVE",416.93]
["3\" GR BUTTERFLY VALVE",403.61]
["4\" GR BUTTERFLY VALVE",673.78]
["6\" GR BUTTERFLY VALVE",906.83]
["5/8\"x3/4\" DIRECT READ METER",47.1]
["5/8\"x3/4\" MTR, BODY ONLY, COMP",49.502000000000002]
["RCDL M25 5/8 X 3/4\" ORION ME",0]
["ENDPOINT ONLY FOR ORION ME MIG",0]
["RCDL M25 5/8 X 3/4 METER CELLU",0]
["ENDPOINT ONLY FOR ORION CELLUL",0]
["5/8\"x3/4\" METER w/HRE REG+ERT",102]
["3/4\" METER",155.94]
["1\" DIRECT READ METER",114.78]
["1\" MTR, BODY ONLY, COMPLETE",100]
["1\" METER w/HRE REG+ERT",305.94]
["1 1/2\" DIRECT READ METER",430]
["2\" DIRECT READ TURBO METER",440]
["3\" TURBINE METER",630]
["3\" BADGER TURBINE METER",724.79]
["4\" TURBINE METER",1032.3900000000001]
["5/8\"x3/4\"to 3/4\" ADPTR/EXT",10.39]
["1\" to 5/8\"x3/4\"  ADPTR/EXT",24.97]
["1\" to 1\"  ADPTR/EXT",10.130800000000001]
["2\" METER ADPTR/EXT",0]
["RES METER BOX w/lid, STANDARD",27.93]
["RES METER BOX, TRAFFIC w/LID",120.51]
["JUMBO METER BOX, STANDARD",180.67]
["LARGE METER BOX, STANDARD",0]
["EXTRA LG METER BOX, STD",120.5]
["CONCRETE BOX w/STEEL CVR & LID",0]
["RES METER BOX LID, STANDARD",14.22]
["RES METER BOX LID, TRAFFIC",52.29]
["JUMBO METER BOX LID, STD",21.71]
["EXTRA LG METER BOX LID, STD",111.11]
["EXTRA LG METER BOX ONLY",50.95]
["JUMBO METER BOX ONLY",37.630000000000003]
["1-1/2\" DROP-IN METER FLG GSKT",1.73]
["2\" DROP-IN METER FLG GSKT",1.96]
["1 1/2\" CI METER FLANGE",19.43]
["2\" CI METER FLANGE",20.55]
["3\" CI METER FLANGE",0]
["5/8\"x3/4\" DIRECT READ REGISTER",63.902999999999999]
["ERT, ITRON 100W ENDPOINT",63.9]
["5/8\"x3/4\"  HRE, w/INLINE CONNE",72.5]
["5/8\"x3/4\" HRE REG w/CONN & ERT",58]
["1\" HRE REG w/CONN & ERT",145]
["1\" DIRECT READ REGISTER",75.698800000000006]
["1-1/2\" &  2\" DIRECT READ REG",73.33]
["1-1/2\"&  2\" HRE, w/INLINE CONN",72.046000000000006]
[" 7\" METER RESETTER (3/4\"x5/8\")",139.47]
["9\" METER RESETTER (3/4\"x5/8\")",140.72999999999999]
["12\" METER RESETTER (3/4\"x5/8\")",144.32]
["18\" METER RESETTER (3/4\"x5/8\")",144.94]
["48\" METER RESETTER (3/4\"x5/8\")",0]
["24\" METER RESETTER (1\")",0]
["12\" METER SETTER (1\")",238.16]
["7\" METER SETTER (3/4\"x5/8\")",0]
["12\" METER SETTER (3/4\"x5/8\")",177.88]
["12\" METER SETTER (3/4\"x5/8\")",0]
["18\" METER SETTER (3/4\"x5/8\")",0]
["24\" METER SETTER (3/4\"x5/8\")",0]
["1-1/2\" x 12\" METER SETTER",753.37]
["2\" x 12\" METER SETTER",0]
["3\" METER STRAINER",350]
["4\" METER STRAINER",0]
["6-12 LIMESTONE CALCITE MEDIA",160]
["GRANULAR CHLORINE",0]
["12.5% HYPOCHLORITE SOLUTION",7.5549999999999997]
["STRAW BALES",0]
["SILT FENCING",0.73380000000000001]
["BLOCKS 2/8  4/8  4/16 - AVG",1.1406000000000001]
["5 GALLON GAS CAN",0]
["5 GALLON GAS CAN",49.22]
["5 GALLON DIESEL CAN YELLOW",0]
["2 GALLON GAS CAN RED",0]
["POLY FUNNEL FOR SAFETY CAN",0]
["BROOM HANDLE",0]
["STREET BROOM HEAD",0]
["RAZOR-BACK ROUND POINT SHOVEL",0]
["RAZOR-BACK SQUARE POINT SHOVEL",0]
["GRAVEL 3/4",47.725000000000001]
["GRAVEL 5/8",19.618500000000001]
["GRAVEL 1 1/4",11.132]
["BEDDING SAND",5.1071]
["18\" TRAFFIC CONE",0]
["28\" TRAFFIC CONE",0]
["6\" SEWER & DRAIN COUPLING",5.21]
["4\" & 6\" SEWER & DRAIN PIPE",1.89]